Ligue 1 players of the 10s - Statistics

General Stats
  • This quiz has been taken 7 times
  • The average score is 171 of 2088
Answer Stats
Ranking Player Positions Nationality Matches Goals (assists) Periods Clubs % Correct
892 Adrien Silva CM 37 0 (2) 2018-2020
100%
149 Ángel Di María RW 144 47 (57) 2015-2020
100%
320 Bernardo Silva AM 101 24 (15) 2014-2017
100%
828 Boulaye Dia ST 42 10 (2) 2018-2020
100%
59 Damien Da Silva CB 189 10 (5) 2014-2020
100%
755 Gabriel Silva LB 48 1 (3) 2017-2020
100%
823 Issiar Dia RW 42 8 (3) 2015-2017
100%
1204 Lucas Silva DM 22 0 (0) 2015-2016
100%
1181 Marco da Silva DM 23 1 (0) 2011-2014
100%
362 Presnel Kimpembe CB 94 0 (1) 2014-2020
100%
41 Thiago Silva CB 204 9 (4) 2012-2020
100%
214 Zlatan Ibrahimović ST 122 113 (44) 2012-2016
100%
1549 Abdoul Ba CB 9 0 (0) 2014-2015
83%
1078 Adama Ba AM 27 3 (2) 2011-2014
83%
104 Adrien Rabiot CM 163 14 (12) 2012-2019
83%
47 Alexandre Lacazette ST 202 100 (30) 2010-2017
83%
336 Alou Diarra DM 97 8 (3) 2010-2012, 2016-2017
83%
1057 Aurélien Tchouaméni DM 28 0 (1) 2018-2020
83%
27 Blaise Matuidi CM 237 23 (18) 2010-2018
83%
807 Bocundji Ca DM 43 0 (1) 2012-2015
83%
1302 Cheick Diarra ST 18 1 (0) 2011-2014
83%
756 Dani Alves RB 48 2 (14) 2017-2019
83%
12 Dimitri Payet AM 275 69 (85) 2010-2014, 2016-2020
83%
1609 El-Hadji Ba CM 7 0 (0) 2014-2015
83%
1339 Gianluigi Buffon GK 17 0 (0) 2018-2019
83%
1776 Hugo Rodriguez CM 3 0 (0) 2015-2016
83%
934 James Rodríguez AM 34 9 (13) 2013-2014
83%
1695 Joao Rodríguez LW 5 0 (0) 2014-2015
83%
83 Jonas Martin DM 172 13 (12) 2010-2011, 2012-2015, 2017-2020
83%
737 Lassana Diarra DM 50 1 (2) 2015-2019
83%
467 Lucas Digne LB 79 2 (5) 2011-2015
83%
127 Lucas Moura RW 153 34 (35) 2012-2018
83%
1558 Mahamadou Diarra DM 9 0 (1) 2010-2011
83%
1198 Mana Dembélé ST 23 0 (0) 2013-2014, 2015-2016
83%
45 Marco Verratti CM 202 5 (38) 2012-2020
83%
76 Marquinhos CB 179 14 (5) 2013-2020
83%
103 Marvin Martin AM 165 5 (40) 2010-2016, 2018-2019
83%
631 Moussa Dembélé ST 60 31 (7) 2018-2020
83%
2077 Moussa Diarra CB 1 0 (0) 2019-2020
83%
1106 Ousmane Dembélé RW 26 12 (5) 2015-2016
83%
1540 Pape Paye RB 10 0 (0) 2015-2016
83%
1974 Roli Pereira de Sa AM 1 0 (0) 2019-2020
83%
348 Sigamary Diarra LM 95 5 (12) 2010-2014
83%
70 Wissam Ben Yedder ST 182 81 (25) 2010-2015, 2019-2020
83%
1780 Abdoulay Diaby RW 3 0 (0) 2014-2015
67%
772 Abdoul Wahid Sissoko DM 47 0 (0) 2011-2013
67%
1696 Abou Diaby CM 5 0 (0) 2015-2017
67%
375 Alexandre Mendy ST 92 14 (1) 2015-2020
67%
401 André Luiz CB 88 9 (1) 2010-2013
67%
292 Benjamin Mendy LB 106 2 (14) 2013-2017
67%
992 Bernard Mendy RB 31 0 (0) 2012-2013
67%
751 Cédric Kanté CB 49 1 (1) 2012-2014
67%
238 Corentin Tolisso CM 116 21 (14) 2013-2017
67%
662 David Luiz CB 56 3 (2) 2014-2017
67%
2030 Diego Gómez AM 1 0 (0) 2015-2016
67%
496 Eden Hazard LW 76 27 (29) 2010-2012
67%
50 Edinson Cavani ST 200 138 (30) 2013-2020
67%
613 Edouard Mendy GK 62 0 (0) 2018-2020
67%
974 Eduardo Camavinga CM 32 1 (2) 2018-2020
67%
653 Ferland Mendy LB 57 2 (5) 2017-2019
67%
1694 Gautier Lloris CB 5 0 (0) 2015-2016, 2019-2020
67%
369 Gelson Fernandes DM 93 1 (1) 2014-2017
67%
504 Hugo Lloris GK 75 0 (1) 2010-2013
67%
676 Ibrahima Sissoko DM 55 3 (3) 2018-2020
67%
1724 Ibrahim Sissoko AM 4 0 (0) 2013-2014
67%
1830 Jackson Mendy CB 3 0 (0) 2011-2012
67%
1509 Jean Lucas CM 11 1 (0) 2019-2020
67%
473 Jonathan Martins Pereira RB 79 0 (5) 2013-2014, 2015-2018
67%
1424 Khéphren Thuram CM 14 0 (0) 2019-2020
67%
1791 Kingsley Coman LW 3 0 (0) 2012-2014
67%
582 Kurt Zouma CB 64 4 (1) 2011-2014
67%
234 Kylian Mbappé ST 117 80 (37) 2015-2020
67%
1226 Lionel Zouma CB 21 0 (0) 2011-2014
67%
586 Marcus Thuram ST 64 12 (4) 2017-2019
67%
1526 Matheus Pereira CM 10 0 (0) 2019-2020
67%
1137 Mathias Pereira Lage LW 25 1 (2) 2019-2020
67%
262 Mike Maignan GK 111 0 (0) 2015-2020
67%
1065 Mohamed Sissoko DM 28 2 (1) 2011-2013
67%
1136 Moussa Diaby RW 25 2 (6) 2018-2019
67%
387 Moussa Sissoko CM 90 8 (6) 2010-2013
67%
142 Nabil Fekir AM 145 54 (34) 2013-2019
67%
1620 Naldo CB 7 0 (0) 2018-2019
67%
165 Nampalys Mendy DM 138 1 (4) 2010-2011, 2013-2015, 2017-2018
67%
884 N'Golo Kanté DM 37 2 (5) 2014-2015
67%
523 Olivier Giroud ST 73 33 (17) 2010-2012
67%
2026 Oumar Sissoko GK 1 0 (0) 2013-2014
67%
736 Ricardo Pereira RB 50 2 (8) 2015-2017
67%
1813 Sambou Sissoko DM 3 0 (0) 2019-2020
67%
1454 Slimane Sissoko ST 12 0 (1) 2015-2016
67%
2019 Yassin Fekir AM 1 0 (0) 2018-2019
67%
876 Yohann Thuram GK 38 0 (0) 2012-2013
67%
1381 Abdoulaye Sané ST 15 0 (2) 2012-2013
50%
300 Abdoul Camara LW 105 5 (3) 2010-2013, 2015-2016, 2017-2018
50%
779 Adama Coulibaly CB 46 0 (0) 2010-2012
50%
953 Adamo Coulibaly ST 33 4 (2) 2014-2015
50%
1276 Alfred Gomis GK 19 0 (0) 2019-2020
50%
261 Alphonse Areola GK 111 0 (0) 2012-2013, 2014-2015, 2016-2020
50%
1249 Álvaro González CB 20 0 (0) 2019-2020
50%
117 André-Pierre Gignac ST 157 60 (12) 2010-2015
50%
85 Bafétimbi Gomis ST 172 74 (13) 2010-2013, 2016-2017
50%
1238 Benjamin Pavard CB 21 0 (0) 2014-2016
50%
1963 Borja López CB 1 0 (0) 2013-2014
50%
1614 Brian Fernández CF 7 0 (0) 2017-2018
50%
140 Bruno Ecuele Manga CB 146 4 (0) 2010-2014, 2019-2020
50%
476 Carlos Sánchez DM 79 4 (3) 2010-2013
50%
1867 Christopher Martins DM 2 0 (0) 2017-2018
50%
1959 Clément Martinez MF 1 0 (0) 2010-2011
50%
1275 Cristian López ST 19 2 (1) 2018-2019
50%
1254 Demba Camara ST 20 2 (0) 2013-2014
50%
1192 Djibril Cissé ST 23 2 (3) 2013-2015
50%
728 Édouard Cissé DM 51 2 (1) 2010-2012
50%
96 Fabinho DM 167 23 (15) 2013-2018
50%
564 Florentin Pogba CB 66 2 (2) 2013-2018
50%
887 Gelson Martins RW 37 8 (3) 2018-2020
50%
1392 Gil Dias RW 15 0 (0) 2017-2018, 2019-2020
50%
1576 Gonçalo Guedes LW 8 0 (1) 2016-2018
50%
444 Grzegorz Krychowiak DM 83 8 (2) 2011-2013, 2016-2017
50%
1122 Hélder Costa RW 25 3 (2) 2015-2016
50%
1925 Ibrahim Cissé CB 2 0 (0) 2019-2020
50%
1998 Ibrahim Cissé CB 1 0 (0) 2019-2020
50%
64 Javier Pastore AM 186 29 (46) 2011-2018
50%
1572 John Jairo Ruiz LW 8 0 (0) 2013-2014
50%
397 Julian Draxler LW 89 11 (19) 2016-2020
50%
602 Kafoumba Coulibaly DM 63 2 (5) 2010-2013
50%
619 Kalifa Coulibaly ST 61 13 (4) 2017-2020
50%
1308 Karim Coulibaly ST 18 0 (0) 2012-2013, 2016-2017
50%
1594 Kévin Diaz RM 8 0 (0) 2012-2013
50%
666 Kévin Gomis CB 56 0 (1) 2011-2016
50%
1860 Kévin Rodrigues LB 2 0 (0) 2011-2013
50%
601 Kevin Trapp GK 63 0 (0) 2015-2018
50%
1244 Keylor Navas GK 21 0 (0) 2019-2020
50%
1853 Khassa Camara DM 2 0 (0) 2012-2013
50%
89 Lamine Sané CB 171 6 (5) 2010-2016
50%
588 Lassana Coulibaly CM 64 2 (5) 2015-2018
50%
131 Layvin Kurzawa LB 150 15 (20) 2010-2011, 2013-2020
50%
937 Leandro Paredes DM 33 0 (3) 2018-2020
50%
420 Lisandro López ST 86 44 (11) 2010-2013
50%
1755 Lucas Dias GK 4 0 (0) 2019-2020
50%
671 Lucho González CM 55 10 (5) 2010-2012
50%
1444 Mahdi Camara CM 13 0 (0) 2018-2020
50%
883 Mariano Díaz ST 37 18 (5) 2017-2019
50%
1502 Mathías Suárez RB 11 0 (0) 2018-2020
50%
58 Mathieu Valbuena AM 192 24 (47) 2010-2013, 2015-2017
50%
271 Maxime Lopez DM 109 4 (13) 2016-2020
50%
2088 Mohamed Camara ST 1 0 (0) 2012-2013
50%
717 Neymar AM 52 47 (28) 2017-2020
50%
517 Nuno Da Costa ST 74 14 (8) 2017-2020
50%
867 Ousmane Coulibaly RB 39 0 (0) 2010-2013
50%
229 Pablo Martínez CB 119 5 (5) 2015-2020
50%
1960 Papa Demba Camara GK 1 0 (0) 2011-2012
50%
1327 Pape Camara DM 17 0 (0) 2011-2013
50%
1434 Pape Sané ST 13 1 (0) 2016-2017
50%
294 Pierre-Emerick Aubameyang ST 106 39 (23) 2010-2013
50%
1070 Rafaël Dias CM 27 1 (5) 2010-2014
50%
1491 Rafal Kurzawa AM 11 1 (0) 2018-2019
50%
1666 Randal Kolo Muani ST 6 0 (0) 2018-2019
50%
1927 Raúl Fernández GK 2 0 (0) 2011-2012
50%
183 Rémi Gomis DM 131 5 (4) 2010-2016
50%
537 Salif Sané CB 70 4 (4) 2010-2013
50%
1072 Saliou Ciss LB 27 0 (0) 2013-2014, 2017-2018
50%
1319 Senou Coulibaly CB 18 1 (0) 2018-2020
50%
7 Souleymane Camara RW 282 43 (25) 2010-2020
50%
1 Stéphane Ruffier GK 349 0 (0) 2010-2020
50%
1715 Steven Nzonzi DM 5 0 (0) 2019-2020
50%
931 Thilo Kehrer CB 34 2 (2) 2018-2020
50%
1900 Thomas Henry ST 2 0 (0) 2015-2016
50%
427 Thomas Meunier RB 84 8 (13) 2016-2020
50%
1584 Timothy Weah RW 8 1 (0) 2017-2020
50%
1744 Vágner Dias LW 4 0 (0) 2017-2018
50%
385 Yohan Cabaye CM 90 3 (13) 2010-2011, 2013-2014, 2019-2020
50%
663 Zoumana Camara CB 56 3 (1) 2010-2015
50%
845 Abdoulaye Keita DM 40 0 (1) 2012-2017
33%
2085 Abdoulaye Keita GK 1 0 (0) 2011-2012
33%
424 Adil Rami CB 85 2 (7) 2010-2011, 2017-2019
33%
227 Alassane Pléa ST 119 36 (22) 2012-2018
33%
205 Alban Lafont GK 125 0 (0) 2015-2017, 2019-2020
33%
948 Alejandro Alonso RM 33 1 (4) 2010-2013
33%
672 Aleksandr Golovin AM 55 6 (7) 2018-2020
33%
1736 Alexis Mané DM 4 0 (0) 2016-2017
33%
1263 Aly Ndom DM 20 0 (0) 2015-2016, 2018-2019
33%
1221 Amadou Sidibé LB 22 0 (1) 2010-2012
33%
1018 Amine Harit AM 30 1 (1) 2016-2017
33%
936 Anthony Limbombe LW 33 2 (2) 2018-2020
33%
24 Anthony Lopes GK 243 0 (2) 2012-2020
33%
707 Anthony Martial ST 52 11 (6) 2012-2016
33%
413 Anthony Modeste ST 87 28 (8) 2010-2013
33%
1528 Babacar Gueye ST 10 1 (2) 2015-2016
33%
1003 Cesc Fàbregas CM 31 1 (3) 2018-2020
33%
1316 Charles Abi ST 18 0 (0) 2018-2020
33%
448 Christophe Hérelle CB 82 3 (0) 2017-2020
33%
674 Christopher Nkunku ST 55 8 (2) 2015-2019
33%
1303 Clément Lenglet CB 18 0 (0) 2016-2017
33%
2061 Clément Vidal CB 1 0 (0) 2019-2020
33%
209 Dante CB 123 3 (4) 2016-2020
33%
1524 David Beckham CM 10 0 (2) 2012-2013
33%
197 David Ospina GK 127 0 (0) 2010-2014
33%
1651 David Ramírez ST 6 0 (0) 2014-2015
33%
587 Dejan Lovren CB 64 2 (2) 2010-2013
33%
1375 Diafra Sakho ST 15 2 (0) 2017-2019
33%
77 Djibril Sidibé RB 178 11 (23) 2012-2019
33%
801 Éder ST 44 12 (8) 2015-2017
33%
1112 Éric Abidal LB 26 0 (0) 2013-2014
33%
1938 Evan Chevalier LW 1 0 (0) 2010-2011
33%
285 Ezequiel Lavezzi CF 107 22 (14) 2012-2016
33%
1063 Florent Malouda LW 28 3 (5) 2014-2015
33%
33 Florian Thauvin CF 223 78 (43) 2012-2020
33%
854 Gabriel Magalhães CB 40 2 (0) 2016-2020
33%
872 Giovani Lo Celso AM 38 4 (7) 2016-2019
33%
123 Idrissa Gueye DM 154 6 (7) 2010-2014, 2019-2020
33%
1518 Jesé LW 10 1 (0) 2016-2017, 2019-2020
33%
115 João Moutinho CM 158 9 (25) 2013-2018
33%
639 Johan Martial CB 58 1 (0) 2010-2012, 2015-2016
33%
1265 Jules Keita LW 20 2 (1) 2018-2020
33%
677 Jules Koundé RB 55 2 (1) 2017-2019
33%
776 Júnior Alonso CB 46 2 (1) 2016-2018
33%
1172 Kalidou Sidibé DM 24 1 (0) 2018-2020
33%
192 Kamil Glik CB 128 11 (6) 2016-2020
33%
1756 Kenny Rocha Santos CM 4 0 (0) 2016-2017, 2018-2019
33%
1667 Lamine Diaby-Fadiga AM 6 0 (0) 2018-2019
33%
932 Laurent Dos Santos RB 34 0 (1) 2013-2016
33%
1145 Laurent Koscielny CB 25 0 (0) 2019-2020
33%
1687 Lesly Malouda LB 5 0 (0) 2011-2012
33%
216 Loïc Rémy ST 122 43 (12) 2010-2012, 2018-2020
33%
250 Lucas Tousart CM 114 3 (3) 2015-2020
33%
1633 Magaye Gueye ST 7 0 (3) 2012-2013
33%
1711 Makhtar Gueye ST 5 1 (1) 2018-2019
33%
438 Mamadou Sakho CB 84 6 (1) 2010-2013
33%
991 Manu García AM 31 0 (4) 2018-2019
33%
1783 Marco Ramos LB 3 0 (0) 2010-2011
33%
1836 Marc Vidal GK 2 0 (0) 2010-2011
33%
1570 Matheus Carvalho RW 8 1 (1) 2014-2015
33%
2036 Matis Carvalho GK 1 0 (0) 2019-2020
33%
1272 Mauro Icardi ST 20 12 (3) 2019-2020
33%
31 Maxime Gonalons DM 227 7 (11) 2010-2017
33%
144 Maxwell LB 145 12 (17) 2011-2017
33%
315 Memphis Depay ST 102 43 (33) 2016-2020
33%
608 Michy Batshuayi ST 62 26 (9) 2014-2016
33%
1290 Miguel Lopes RB 19 0 (1) 2013-2014
33%
1105 Moses Simon LW 26 5 (5) 2019-2020
33%
1829 Moussa Gueye ST 3 0 (0) 2014-2015
33%
527 Moussa Konaté ST 72 22 (5) 2017-2020
33%
789 Myziane Maolida LW 45 2 (6) 2017-2020
33%
282 Nicolas Pépé RW 107 38 (17) 2016-2019
33%
739 Nordi Mukiele RB 50 0 (1) 2016-2018
33%
1053 Olivier Boscagli CB 28 1 (1) 2014-2016, 2018-2019
33%
1243 Pablo Sarabia RW 21 4 (4) 2019-2020
33%
1162 Rafael Leão LW 24 8 (2) 2018-2019
33%
321 Ramy Bensebaini LB 101 3 (2) 2015-2019
33%
1215 Raphinha LW 22 5 (3) 2019-2020
33%
1281 Renato Sanches CM 19 3 (1) 2019-2020
33%
358 Ricardo Carvalho CB 95 2 (2) 2013-2016
33%
203 Rony Lopes RW 125 26 (17) 2014-2020
33%
143 Salvatore Sirigu GK 145 0 (0) 2011-2016
33%
182 Samuel Umtiti CB 131 3 (2) 2011-2016
33%
119 Serge Aurier RB 156 10 (23) 2010-2017
33%
795 Serhou Guirassy ST 44 12 (2) 2015-2016, 2018-2020
33%
1616 Sidi Keita DM 7 0 (0) 2010-2011
33%
548 Tanguy Ndombélé CM 69 1 (14) 2017-2019
33%
279 Tiemoué Bakayoko DM 107 5 (3) 2013-2016, 2019-2020
33%
1537 Vujadin Savic CB 10 1 (0) 2010-2011, 2013-2014
33%
1810 Willem Geubbels ST 3 0 (0) 2017-2019
33%
817 William Rémy CB 43 0 (2) 2015-2017
33%
1061 William Saliba CB 28 0 (0) 2018-2020
33%
680 Yannick Carrasco LW 54 9 (13) 2013-2015
33%
762 Yoann Court LW 48 3 (7) 2015-2016, 2019-2020
33%
247 Abdoulaye Touré DM 114 7 (5) 2013-2014, 2015-2020
17%
382 Abdou Traoré CM 91 3 (2) 2010-2017
17%
1874 Aboubakar Kamara ST 2 0 (0) 2014-2015
17%
651 Adama Traoré AM 57 8 (7) 2014-2020
17%
395 Alain Traoré AM 89 22 (13) 2010-2016
17%
22 Alaixys Romao DM 247 6 (9) 2010-2015, 2018-2020
17%
1146 Alassane Touré CB 25 1 (0) 2010-2011, 2015-2016
17%
678 Albin Ebondo RB 55 1 (3) 2010-2012
17%
539 Alex CB 70 6 (1) 2011-2014
17%
179 Alexis Blin DM 133 2 (5) 2014-2020
17%
1429 Alfred N'Diaye DM 14 0 (0) 2010-2011
17%
263 Allan Saint-Maximin LW 111 12 (16) 2013-2014, 2016-2019
17%
684 Almamy Touré CB 54 5 (13) 2014-2019
17%
130 André Ayew ST 151 44 (16) 2010-2015
17%
734 Antoine Conte CB 50 0 (2) 2012-2016
17%
814 Arnaud Le Lan LB 43 1 (0) 2010-2013
17%
105 Arnold Mvuemba DM 163 10 (12) 2010-2017
17%
1095 Atila Turan LB 26 2 (1) 2013-2014, 2015-2016
17%
993 Axel Disasi CB 31 1 (0) 2018-2020
17%
236 Bakary Koné CB 117 7 (2) 2011-2015, 2017-2018
17%
495 Bakary Sako LW 76 11 (11) 2010-2013
17%
730 Bakaye Traoré CM 51 10 (5) 2010-2012
17%
724 Benoît Assou-Ekotto LB 51 0 (1) 2015-2018
17%
907 Benoît Badiashile CB 36 1 (1) 2018-2020
17%
399 Bertrand Traoré RW 88 21 (9) 2017-2020
17%
1283 Bingourou Kamara GK 19 0 (0) 2017-2018
17%
670 Birama Touré DM 55 0 (2) 2013-2016
17%
1068 Bobo Baldé CB 28 0 (0) 2010-2011
17%
623 Boubacar Kamara DM 61 2 (3) 2017-2020
17%
98 Bouna Sarr RB 166 6 (13) 2014-2020
17%
1497 Brandon Thomas ST 11 1 (0) 2017-2018
17%
804 Brice Samba GK 43 0 (0) 2013-2014, 2017-2019
17%
359 Cédric Bakambu ST 94 18 (3) 2010-2014
17%
771 César Azpilicueta CB 47 1 (3) 2010-2013
17%
529 Charles Traoré LB 72 0 (4) 2015-2016, 2017-2020
17%
1906 Charlie Davies ST 2 0 (0) 2011-2012
17%
1260 Cheick Traoré RB 20 0 (0) 2018-2019
17%
1883 Cheikh N'Diaye GK 2 0 (0) 2012-2013
17%
374 Cheikh N'Doye CM 92 14 (13) 2015-2016, 2018-2019
17%
35 Christophe Jallet RB 217 9 (19) 2010-2020
17%
809 Cris CB 43 3 (1) 2010-2013
17%
696 Damien Perquis CB 53 5 (1) 2010-2012
17%
853 Démé N'Diaye LW 40 2 (2) 2010-2011, 2014-2015
17%
1689 Diacko Fofana RB 5 0 (0) 2011-2013
17%
483 Diego Contento LB 78 2 (4) 2014-2018
17%
878 Dimitar Berbatov ST 38 13 (6) 2013-2015
17%
520 Divock Origi ST 73 14 (4) 2012-2015
17%
593 Djakaridja Koné DM 63 1 (4) 2012-2015
17%
217 Djamel Bakar ST 122 12 (7) 2010-2016
17%
2021 Djibril Diaw CB 1 0 (0) 2018-2019
17%
1313 Djimi Traoré CB 18 0 (0) 2010-2012
17%
1701 Dodi Lukébakio RW 5 0 (0) 2016-2017
17%
1188 Ederson AM 23 4 (0) 2010-2012
17%
1629 El Bilal Touré ST 7 3 (0) 2019-2020
17%
146 Emiliano Sala ST 144 48 (16) 2014-2019
17%
1183 Emir Spahic CB 23 1 (1) 2010-2011
17%
997 Eric-Maxim Choupo-Moting ST 31 6 (1) 2018-2020
17%
592 Eric Tié Bi DM 64 0 (4) 2011-2014
17%
308 Étienne Capoue DM 104 12 (6) 2010-2013
17%
240 Fabien Audard GK 116 0 (0) 2010-2015
17%
1169 Fabien Robert LM 24 2 (0) 2010-2015
17%
1728 Famoussa Kone ST 4 0 (0) 2014-2015
17%
2047 Flavio Roma GK 1 0 (0) 2013-2014
17%
1723 Fodie Traoré MF 4 0 (0) 2010-2011
17%
1823 Gaoussou Traoré DM 3 0 (0) 2018-2019
17%
61 Geoffrey Jourdren GK 187 0 (1) 2010-2017
17%
193 Giovanni Sio ST 128 35 (15) 2012-2013, 2014-2019
17%
245 Grégory Pujol ST 115 37 (7) 2010-2013, 2015-2016
17%
396 Gregory van der Wiel RB 89 4 (13) 2012-2016
17%
531 Gueïda Fofana DM 72 4 (5) 2011-2015
17%
1036 Guessouma Fofana DM 29 0 (0) 2017-2019
17%
1252 Guillermo Maripán CB 20 2 (0) 2019-2020
17%
1492 Hadi Sacko RW 11 0 (0) 2012-2015
17%
207 Hamari Traoré RB 124 2 (9) 2015-2016, 2017-2020
17%
837 Hassane Kamara LB 41 2 (0) 2015-2016, 2018-2020
17%
840 Ihsan Sacko ST 41 0 (2) 2017-2020
17%
929 Ireneusz Jeleń ST 34 6 (1) 2010-2012
17%
1301 Islam Slimani ST 18 9 (7) 2019-2020
17%
94 Ismaël Traoré CB 168 8 (4) 2012-2013, 2015-2020
17%
1511 Ismaïla N'Diaye DM 11 1 (1) 2010-2011
17%
386 Ismaïla Sarr RW 90 18 (17) 2016-2019
17%
423 Issa Diop CB 85 6 (3) 2015-2018
17%
900 Jacques Faty CB 36 1 (0) 2010-2011, 2012-2013
17%
20 Jaroslav Plasil CM 256 13 (35) 2010-2019
17%
1510 Jean-Eudes Maurice ST 11 0 (1) 2010-2012
17%
2073 Jean Onana DM 1 0 (0) 2019-2020
17%
1901 Jean-Philippe Mateta ST 2 0 (0) 2016-2017
17%
492 Jean-Victor Makengo CM 76 3 (0) 2015-2020
17%
1409 Jérémie Bela LW 14 0 (1) 2016-2017
17%
860 Jérémie Janot GK 39 0 (0) 2010-2012
17%
641 Jessy Pi DM 58 3 (1) 2013-2014, 2015-2017
17%
13 Jimmy Briand ST 273 66 (35) 2010-2013, 2015-2020
17%
121 Jordan Ayew RW 155 30 (15) 2010-2015
17%
1987 Joris Correa ST 1 0 (0) 2013-2014
17%
802 Juan Bernat LB 43 1 (8) 2018-2020
17%
363 Kader Mangane CB 94 7 (2) 2010-2011, 2015-2016, 2017-2018
17%
1512 Kalilou Traoré DM 11 0 (0) 2012-2013
17%
454 Kamil Grosicki LW 81 13 (13) 2013-2017
17%
534 Kandia Traoré ST 71 8 (4) 2010-2012
17%
794 Keita Baldé LW 44 12 (9) 2017-2018, 2019-2020
17%
355 Kévin Gameiro ST 95 41 (9) 2010-2013
17%
1368 Koro Koné ST 16 2 (1) 2011-2012
17%
815 Lacina Traoré ST 43 4 (6) 2014-2015, 2017-2018
17%
88 Lamine Koné CB 171 9 (3) 2010-2015, 2018-2020
17%
712 Larsen Touré RW 52 7 (3) 2010-2013
17%
584 Laurent Bonnart RB 64 0 (3) 2010-2014
17%
982 Léo Lacroix CB 31 0 (0) 2016-2018
17%
1464 Leyti N'Diaye CB 12 0 (1) 2010-2012
17%
1999 Loïc Badiashile GK 1 0 (0) 2016-2017
17%
629 Loïck Landre CB 60 4 (0) 2010-2011, 2014-2015, 2018-2020
17%
763 Lucas Mendes CB 48 2 (1) 2012-2015
17%
289 Ludovic Obraniak AM 106 18 (15) 2010-2014
17%
1952 Mahamadou N'Diaye CB 1 0 (0) 2015-2016
17%
761 Mahamane Traoré CM 48 5 (5) 2012-2013, 2015-2016
17%
318 Malang Sarr CB 102 3 (2) 2016-2020
17%
1157 Mama Baldé ST 24 6 (2) 2019-2020
17%
1264 Mamadou Fofana CB 20 0 (0) 2019-2020
17%
1471 Mamadou N'Diaye LB 12 0 (1) 2014-2017
17%
1426 Manu Koné CM 14 0 (0) 2018-2020
17%
2033 Marcin Bulka GK 1 0 (0) 2019-2020
17%
1562 Marley Aké LW 9 0 (0) 2019-2020
17%
774 Massadio Haïdara LB 46 0 (3) 2010-2013
17%
1962 Mayoro N'Doye DM 1 0 (0) 2014-2015
17%
157 Mickaël Landreau GK 141 0 (0) 2010-2014
17%
114 Milan Bisevac CB 158 3 (2) 2010-2018
17%
952 Miralem Pjanić CM 33 4 (6) 2010-2012
17%
1397 Mody Traoré RB 15 0 (0) 2011-2013
17%
511 Mohamed Fofana CB 75 1 (3) 2010-2016
17%
1292 Mohamed Simakan CB 19 0 (0) 2019-2020
17%
133 Morgan Amalfitano RM 150 10 (23) 2010-2013, 2015-2018
17%
1438 Moryké Fofana LW 13 0 (1) 2015-2017
17%
1782 Mory Koné CB 3 0 (1) 2015-2016
17%
1704 Moussa Koné ST 5 2 (0) 2019-2020
17%
1857 Naby Sarr CB 2 0 (0) 2013-2014
17%
1367 Nacer Chadli LW 16 0 (0) 2018-2019
17%
1027 Nélson Oliveira ST 30 8 (1) 2013-2014
17%
472 Nenê AM 79 36 (30) 2010-2013
17%
757 Nicolas Douchez GK 48 0 (0) 2010-2011, 2012-2016
17%
516 Olivier Sorin GK 74 0 (0) 2010-2012
17%
453 Pablo CB 81 6 (4) 2015-2016, 2017-2020
17%
1398 Patrice Evra LB 15 1 (0) 2016-2018
17%
218 Pedro Mendes CB 122 3 (2) 2015-2020
17%
551 Pierre-Alain Frau ST 68 11 (3) 2010-2011, 2013-2014
17%
277 Radamel Falcao ST 108 65 (12) 2013-2014, 2016-2019
17%
1843 Raphaël Cacérès ST 2 0 (0) 2011-2012
17%
316 Raphaël Guerreiro LB 102 10 (8) 2013-2016
17%
1182 Raphaël Varane CB 23 2 (0) 2010-2011
17%
1672 Rayan Cherki RW 6 0 (0) 2019-2020
17%
788 Ricardo Faty DM 45 4 (3) 2012-2014
17%
38 Rio Mavuba DM 211 4 (8) 2010-2017
17%
230 Romain Amalfitano CM 118 1 (4) 2016-2020
17%
122 Romain Thomas CB 155 8 (2) 2015-2020
17%
278 Rudy Mater RB 108 1 (6) 2010-2014
17%
679 Ryan Mendes LW 54 7 (5) 2012-2017
17%
1665 Sacha Boey RB 6 0 (1) 2018-2020
17%
1841 Sammy Traoré CB 2 0 (0) 2010-2011
17%
962 Seko Fofana CM 32 1 (2) 2015-2016
17%
1636 Sérgio Oliveira CM 6 0 (0) 2016-2017
17%
1798 Sergio Romero GK 3 0 (0) 2013-2014
17%
333 Siaka Tiéné LB 98 6 (8) 2010-2015
17%
1844 Sidy Koné DM 2 0 (0) 2011-2012
17%
1213 Sidy Sarr DM 22 0 (2) 2019-2020
17%
1514 Silvio Romero ST 11 2 (0) 2013-2014
17%
1450 Sofiane Diop LW 13 0 (0) 2018-2019
17%
4 Steve Mandanda GK 315 0 (0) 2010-2015, 2017-2020
17%
722 Téji Savanier AM 51 12 (16) 2018-2020
17%
409 Thiago Mendes DM 87 3 (14) 2017-2020
17%
100 Thiago Motta DM 166 8 (9) 2011-2018
17%
243 Thomas Lemar AM 115 17 (29) 2014-2018
17%
620 Thomas Touré ST 61 4 (7) 2013-2018
17%
153 Valentin Rongier CM 142 8 (14) 2014-2020
17%
1085 Victor Osimhen ST 27 13 (5) 2019-2020
17%
1362 Wesley Fofana CB 16 1 (0) 2018-2020
17%
95 Yann M'Vila DM 168 2 (6) 2010-2012, 2017-2020
17%
132 Yoann Gourcuff AM 150 21 (24) 2010-2019
17%
765 Youri Tielemans CM 47 5 (2) 2017-2019
17%
893 Youssouf Fofana DM 37 3 (3) 2018-2020
17%
904 Youssouf Koné LB 36 0 (0) 2013-2014, 2015-2016, 2018-2020
17%
718 Zargo Touré CB 52 5 (0) 2015-2017
17%
642 Aaron Leya Iseka ST 58 6 (2) 2016-2017, 2018-2020
0%
1714 Aatif Chahechouhe AM 5 0 (0) 2010-2011
0%
1383 Abdallah Ndour LB 15 0 (0) 2017-2020
0%
959 Abdelaziz Barrada AM 33 2 (6) 2014-2016
0%
1833 Abdelhakim Omrani AM 2 0 (0) 2010-2011
0%
141 Abdelhamid El Kaoutari CB 146 1 (3) 2010-2017
0%
1103 Abdou Diallo CB 26 0 (1) 2014-2015, 2016-2017, 2019-2020
0%
404 Abdoulaye Bamba CB 88 0 (6) 2011-2012, 2016-2020
0%
1903 Abdoulaye Dabo CM 2 0 (0) 2018-2019
0%
1325 Abdoulaye Diallo GK 17 0 (0) 2011-2012, 2015-2016, 2017-2019
0%
501 Abdoulaye Doucouré AM 75 12 (12) 2012-2016
0%
1140 Abdoulaye Méïté CB 25 1 (0) 2011-2012
0%
1091 Abdoul Kader Bamba RW 27 1 (3) 2019-2020
0%
1494 Abdul Rahman Baba LB 11 1 (1) 2018-2019
0%
1718 Abeiku Quansah DM 5 0 (0) 2010-2011
0%
749 Abel Aguilar DM 49 1 (1) 2013-2015
0%
1412 Abel Khaled RW 14 0 (0) 2011-2013
0%
1889 Ablie Jallow RM 2 0 (0) 2017-2018
0%
2029 Abou Ouattara RW 1 0 (0) 2019-2020
0%
1170 Abraham Gneki Guié ST 24 1 (1) 2011-2013
0%
769 Adama Diakhaby AM 47 6 (3) 2016-2018
0%
1014 Adama Mbengue LB 30 0 (0) 2017-2019
0%
903 Adama Niane ST 36 8 (3) 2014-2015, 2017-2018
0%
324 Adama Soumaoro CB 100 2 (1) 2013-2020
0%
1201 Ádám Lang CB 22 0 (0) 2016-2018
0%
575 Adam Ounas RW 65 10 (8) 2015-2016, 2019-2020
0%
2075 Adeílson ST 1 0 (0) 2010-2011
0%
2060 Adil Aouchiche AM 1 0 (0) 2019-2020
0%
849 Adil Hermach DM 40 4 (5) 2010-2011, 2012-2013
0%
1904 Adil Taoui LW 2 0 (0) 2019-2020
0%
1041 Adrián Gunino RB 29 0 (1) 2010-2011
0%
896 Adrian Mutu LW 37 11 (0) 2012-2014
0%
964 Adriano RB 32 4 (1) 2010-2011
0%
1821 Adrián Sahibeddine AM 3 0 (0) 2017-2018
0%
304 Adrien Hunou ST 104 21 (4) 2013-2014, 2016-2020
0%
1897 Adrien Lebeau AM 2 0 (0) 2019-2020
0%
162 Adrien Regattin AM 139 9 (14) 2010-2016
0%
533 Adrien Tamèze DM 71 1 (4) 2017-2020
0%
72 Adrien Thomasson AM 182 24 (27) 2011-2012, 2014-2020
0%
1457 Adrien Trébel CM 12 0 (0) 2013-2014
0%
1098 Adryan AM 26 3 (2) 2015-2016
0%
1522 Afonso Figueiredo LB 10 0 (0) 2016-2018
0%
1533 Agustín Rogel CB 10 0 (0) 2019-2020
0%
2079 Ahmad Ngouyamsa RB 1 0 (0) 2019-2020
0%
306 Ahmed Kantari CB 104 2 (0) 2010-2012, 2014-2015
0%
1293 Ahmed Kashi DM 19 1 (0) 2014-2015
0%
1968 Aïssa Laïdouni CM 1 0 (0) 2015-2016
0%
200 Aïssa Mandi CB 126 13 (8) 2012-2016
0%
274 Alaeddine Yahia CB 109 7 (0) 2010-2011, 2014-2017
0%
1801 Alain Cantareil LB 3 0 (0) 2010-2011
0%
1817 Albert Lottin CM 3 0 (0) 2018-2020
0%
1081 Albert Rafetraniaina DM 27 0 (0) 2012-2016
0%
464 Aldo Angoula CB 80 4 (0) 2011-2015
0%
1156 Aldo Kalulu RW 24 3 (1) 2015-2017
0%
407 Alejandro Bedoya CM 87 11 (5) 2013-2016
0%
658 Aleksandar Pesic ST 57 8 (7) 2014-2016
0%
1564 Alessandro Crescenzi LB 9 0 (0) 2013-2014
0%
189 Alexander Djiku CB 129 3 (1) 2014-2020
0%
1111 Alexander Kacaniklic RW 26 0 (3) 2016-2018
0%
816 Alexander Søderlund ST 43 3 (4) 2015-2018
0%
899 Alexander Tettey DM 36 2 (2) 2010-2012
0%
1495 Alexandre Alphonse ST 11 1 (1) 2011-2012
0%
1147 Alexandre Coeff CB 25 0 (2) 2010-2011, 2015-2016
0%
958 Alexandre Cuvillier LM 33 2 (1) 2010-2012
0%
1828 Alexandre Lauray DM 3 0 (0) 2018-2019
0%
913 Alexandre Letellier GK 36 0 (0) 2015-2018
0%
1899 Alexandre Llovet AM 2 0 (1) 2016-2017
0%
2018 Alexandre Olliero GK 1 0 (0) 2018-2019
0%
800 Alexandre Oukidja GK 44 0 (0) 2017-2018, 2019-2020
0%
753 Alexandre Raineau LB 49 0 (1) 2010-2011, 2015-2016
0%
1150 Alexi Peuget DM 24 1 (1) 2012-2016
0%
1647 Alexis Alégué RM 6 1 (0) 2015-2016, 2018-2019
0%
1977 Alexis Araújo RW 1 0 (0) 2015-2016
0%
1649 Alexis Busin RW 6 1 (0) 2016-2017
0%
1214 Alexis Claude-Maurice AM 22 1 (1) 2019-2020
0%
265 Alexis Thébaux GK 110 0 (0) 2010-2012, 2016-2017
0%
505 Alexy Bosetti ST 75 10 (5) 2011-2015
0%
1138 Alharbi El Jadeyaoui LW 25 3 (0) 2014-2015
0%
1432 Alhassan Wakaso DM 13 0 (0) 2016-2017
0%
178 Ali Ahamada GK 133 1 (0) 2010-2016
0%
1347 Ali M'Madi LW 16 1 (0) 2011-2013
0%
1583 Alioun Fall RB 8 0 (0) 2014-2015
0%
1016 Aloïs Confais DM 30 0 (1) 2015-2016, 2017-2018
0%
1458 Álvaro Mejía CB 12 0 (0) 2010-2011
0%
614 Aly Cissokho CB 62 1 (5) 2010-2013
0%
1677 Amadou Soukouna ST 5 1 (0) 2010-2012
0%
735 Ambroise Oyongo LB 50 2 (1) 2017-2020
0%
1758 Amine Adli LW 4 0 (0) 2019-2020
0%
2045 Amine Bassi AM 1 0 (0) 2016-2017
0%
1561 Amine Chermiti ST 9 0 (0) 2015-2016
0%
1587 Amine Gouiri ST 8 0 (0) 2017-2018, 2019-2020
0%
2074 Ammar Jemal CB 1 0 (0) 2012-2013
0%
1307 Amos Youga CM 18 0 (1) 2015-2016
0%
943 Anastasios Donis LW 33 5 (1) 2016-2017, 2019-2020
0%
1600 Ander Herrera CM 8 1 (1) 2019-2020
0%
754 Anders Konradsen DM 49 3 (1) 2012-2015
0%
198 Andrea Raggi CB 126 4 (3) 2013-2019
0%
1250 Andreas Cornelius ST 20 3 (1) 2018-2019
0%
1950 Andreas Wolf CB 1 0 (0) 2013-2014
0%
1580 André Auras DM 8 0 (0) 2012-2013
0%
1566 André Felipe ST 8 0 (0) 2010-2011
0%
541 Andrei Girotto CB 70 4 (3) 2017-2020
0%
521 André Poko DM 73 1 (2) 2012-2016
0%
1682 Andrés Escobar LW 5 0 (0) 2013-2014
0%
92 Andy Delort ST 168 46 (18) 2011-2012, 2015-2020
0%
1425 Andy Pelmard CB 14 0 (0) 2018-2020
0%
1271 Anele Ngcongca RB 20 0 (0) 2015-2016
0%
458 Angelo Fulgini AM 80 8 (7) 2017-2020
0%
1768 Angelos Basinas DM 4 0 (0) 2010-2011
0%
1642 Angelos Charisteas ST 6 0 (0) 2010-2011
0%
1577 Anthony Belmonte CM 8 0 (1) 2016-2017
0%
1838 Anthony Bova LW 2 0 (0) 2010-2011
0%
669 Anthony Briançon CB 55 3 (2) 2018-2020
0%
891 Anthony Caci RB 37 1 (5) 2018-2020
0%
1544 Anthony Deroin AM 9 0 (0) 2010-2012
0%
764 Anthony Gonçalves CM 47 5 (2) 2017-2019
0%
1946 Anthony Guise ST 1 0 (0) 2010-2011
0%
1378 Anthony Koura ST 15 1 (0) 2016-2017
0%
443 Anthony Le Tallec ST 83 11 (8) 2010-2014
0%
1040 Anthony Lippini RB 29 0 (1) 2011-2013
0%
1880 Anthony Maisonnial GK 2 0 (0) 2016-2017
0%
1981 Anthony Mandréa GK 1 0 (0) 2013-2014
0%
1346 Anthony Mfa Mezui GK 16 0 (0) 2014-2015
0%
112 Anthony Mounier LW 160 25 (31) 2010-2016
0%
357 Anthony Réveillère RB 95 1 (6) 2010-2013
0%
1582 Anthony Ribelin RB 8 0 (0) 2014-2016
0%
1519 Anthony Vanden Borre RB 10 0 (0) 2016-2017
0%
1648 Anthony Walongwa CB 6 0 (0) 2015-2019
0%
327 Anthony Weber CB 100 2 (1) 2012-2016
0%
1896 Antoine Bernede CM 2 0 (0) 2018-2019
0%
73 Antoine Devaux CM 181 7 (9) 2010-2016
0%
1681 Antoine Rabillard ST 5 1 (0) 2015-2017
0%
1713 Antoine Valério CM 5 0 (0) 2019-2020
0%
810 Antonin Bobichon CM 43 9 (3) 2018-2020
0%
1613 Antonio Barreca LB 7 0 (1) 2018-2019
0%
1691 Antonio Mance ST 5 0 (0) 2018-2019
0%
1872 Antony Ranieri ST 2 0 (0) 2015-2016
0%
1163 Antony Robic RW 24 0 (0) 2016-2017
0%
862 Anwar El Ghazi RW 39 5 (4) 2016-2018
0%
1164 Apoula Edel GK 24 0 (0) 2010-2011
0%
1354 Arbër Zeneli LW 16 3 (3) 2018-2020
0%
1385 Aristote Madiani RW 15 1 (1) 2014-2015
0%
1868 Aristote N'Dongala LW 2 0 (0) 2013-2015
0%
2064 Armand Laurienté LW 1 0 (0) 2018-2019
0%
1130 Arnaud Lusamba CM 25 1 (2) 2016-2017, 2019-2020
0%
1478 Arnaud Maire CB 12 0 (0) 2011-2013
0%
643 Arnaud Nordin RW 58 6 (1) 2016-2017, 2018-2020
0%
465 Arnaud Souquet RB 79 3 (7) 2016-2017, 2019-2020
0%
827 Arnold Bouka Moutou LB 42 2 (0) 2015-2019
0%
1074 Arthur Masuaku LB 27 1 (5) 2013-2014
0%
2050 Arthur Zagré LB 1 0 (0) 2019-2020
0%
2031 Arton Zekaj DM 1 0 (0) 2018-2019
0%
1235 Arturo Calabresi CB, RB 21 1 (1) 2019-2020
0%
1793 Asamoah Gyan ST 3 0 (0) 2010-2011
0%
905 Assane Dioussé DM 36 1 (0) 2017-2020
0%
1827 Assil Jaziri AM 3 0 (0) 2018-2019
0%
1607 Aurelian Chițu ST 7 0 (0) 2013-2014
0%
235 Aurélien Chedjou CB 117 8 (2) 2010-2012, 2019-2020
0%
1391 Aurélien Montaroup LB 15 0 (1) 2011-2012
0%
773 Axel Ngando AM 46 3 (3) 2012-2013, 2015-2017
0%
267 Aymen Abdennour CB 109 3 (2) 2011-2014, 2017-2018
0%
1772 Azbe Jug GK 3 0 (0) 2013-2015
0%
1655 Bachibou Koita ST 6 0 (0) 2017-2018
0%
1139 Bafodé Diakité CB 25 3 (0) 2018-2020
0%
486 Baissama Sankoh DM 77 0 (0) 2013-2014, 2016-2019
0%
1055 Bakary Soro CB 28 0 (0) 2010-2011
0%
402 Bakaye Dibassy CB 88 4 (2) 2017-2020
0%
819 Bănel Nicoliță RW 42 4 (12) 2011-2014
0%
1413 Baptiste Aloé CB 14 1 (0) 2014-2015
0%
487 Baptiste Guillaume ST 77 5 (4) 2014-2015, 2017-2019
0%
84 Baptiste Reynet GK 172 0 (0) 2011-2012, 2013-2014, 2016-2020
0%
176 Baptiste Santamaria DM 134 2 (1) 2016-2020
0%
1799 Barel Mouko GK 3 0 (0) 2012-2013
0%
660 Bassem Srarfi RW 56 4 (1) 2016-2020
0%
2066 Bastian Badu ST 1 0 (0) 2019-2020
0%
10 Benjamin André DM 276 17 (21) 2011-2020
0%
169 Benjamin Angoua CB 137 3 (2) 2010-2017
0%
1435 Benjamin Boulenger CB 13 0 (0) 2014-2015
0%
239 Benjamin Bourigeaud CM 116 20 (15) 2014-2015, 2017-2020
0%
71 Benjamin Corgnet AM 182 23 (17) 2011-2020
0%
1195 Benjamin Gavanon CM 23 0 (4) 2010-2011
0%
920 Benjamin Henrichs RB 35 1 (3) 2018-2020
0%
161 Benjamin Jeannot ST 139 20 (9) 2010-2011, 2014-2020
0%
34 Benjamin Lecomte GK 222 0 (1) 2010-2020
0%
1148 Benjamin Leroy GK 24 0 (0) 2014-2015, 2016-2017
0%
1761 Benjamin Mokulu ST 4 0 (0) 2014-2015
0%
1598 Benjamin Morel RW 8 0 (0) 2010-2011
0%
102 Benjamin Moukandjo ST 165 47 (8) 2010-2012, 2014-2017
0%
107 Benjamin Nivet AM 161 25 (18) 2010-2012, 2015-2016, 2017-2018
0%
1417 Benjamin Psaume RW 14 0 (1) 2010-2011
0%
163 Benjamin Stambouli DM 139 3 (5) 2010-2016
0%
1796 Ben Karamoko CB 3 0 (0) 2014-2015, 2016-2017
0%
1359 Bennard Kumordzi DM 16 1 (0) 2011-2012
0%
232 Benoît Cheyrou DM 118 11 (10) 2010-2014
0%
3 Benoît Costil GK 320 0 (1) 2011-2020
0%
344 Benoît Lesoimier LW 96 7 (11) 2010-2013
0%
224 Benoît Pedretti DM 120 13 (19) 2010-2013, 2016-2017
0%
284 Benoît Trémoulinas LB 107 3 (17) 2010-2014
0%
1239 Ben Sahar ST 21 3 (4) 2011-2012
0%
704 Bertrand Laquait GK 52 0 (0) 2011-2014
0%
1351 Betão CB 16 1 (0) 2012-2013
0%
1824 Bilal Benkhedim AM 3 0 (0) 2019-2020
0%
1658 Bilal Boutobba RW 6 0 (0) 2014-2015, 2018-2020
0%
1928 Bilal Ouali RW 2 0 (0) 2012-2013
0%
1640 Billel Omrani ST 6 1 (0) 2011-2012, 2014-2015
0%
1848 Bill Tuiloma CB 2 0 (0) 2014-2015
0%
694 Billy Ketkeophomphone ST 53 6 (7) 2015-2018
0%
940 Björn Engels CB 33 1 (1) 2018-2019
0%
1443 Bobby Allain GK 13 0 (0) 2018-2019
0%
708 Bongani Zungu CM 52 1 (1) 2017-2020
0%
1910 Boris Mathis ST 2 0 (0) 2016-2017
0%
1445 Boubacar Sanogo ST 13 0 (0) 2010-2011
0%
1571 Boubacar Sylla LB 8 0 (0) 2014-2015
0%
709 Boubakary Soumaré DM 52 1 (0) 2017-2020
0%
1108 Boukary Dramé LB 26 2 (2) 2010-2011
0%
909 Brahim Ferradj LB 36 1 (0) 2010-2013
0%
202 Brandão ST 125 21 (14) 2010-2016
0%
1967 Brandon Deville AM 1 0 (0) 2013-2014
0%
1699 Branko Lazarević CB 5 0 (0) 2010-2011
0%
1463 Brayan Perea ST 12 0 (0) 2015-2016
0%
1439 Brendan Chardonnet CB 13 0 (0) 2012-2013, 2019-2020
0%
167 Brice Dja Djedje DM 138 4 (10) 2011-2016
0%
1020 Brice Jovial ST 30 9 (4) 2011-2012
0%
1884 Brighton Labeau ST 2 0 (0) 2017-2018
0%
926 Brown Ideye ST 35 15 (5) 2010-2011
0%
337 Bruno Grougi CM 97 19 (12) 2010-2013
0%
1812 Bruno Guimarães DM 3 0 (0) 2019-2020
0%
1692 Bryan Constant ST 5 0 (0) 2013-2015
0%
296 Bryan Dabo CM 105 9 (6) 2012-2018
0%
1747 Bryan Mbeumo RW 4 0 (0) 2017-2018
0%
1807 Bryan Passi CB 3 0 (0) 2016-2017
0%
682 Bryan Pelé LM 54 2 (6) 2013-2014, 2017-2018
0%
1484 Bryan Soumaré AM 12 0 (0) 2019-2020
0%
1048 Cafú CM 28 0 (3) 2016-2018
0%
498 Camel Meriem AM 76 4 (10) 2010-2013
0%
414 Carlão CB 87 2 (2) 2010-2014
0%
544 Carl Medjani CB 70 4 (2) 2011-2014
0%
917 Carlos Bocanegra CB 35 2 (0) 2010-2012
0%
1363 Carlos Vinícius ST 16 2 (2) 2018-2019
0%
256 Casimir Ninga ST 113 22 (11) 2015-2020
0%
798 Ceará RB 44 1 (0) 2010-2012
0%
246 Cédric Barbosa LM 115 21 (18) 2011-2015
0%
301 Cédric Cambon CB 104 5 (0) 2011-2015
0%
30 Cédric Carrasso GK 227 0 (0) 2010-2017
0%
1765 Cédric Fauré ST 4 0 (0) 2013-2014
0%
470 Cédric Hengbart RB 79 2 (6) 2010-2011, 2013-2014
0%
1306 Cédric Hountondji CB 18 1 (1) 2013-2014
0%
260 Cédric Mongongu CB 112 7 (1) 2010-2014, 2016-2017
0%
1878 Cédric Orengo LB 2 0 (0) 2013-2014
0%
561 Cédric Varrault CB 67 4 (0) 2011-2012, 2016-2018
0%
281 Cédric Yambéré CB 107 7 (1) 2014-2015, 2017-2019
0%
1282 César Delgado RW 19 1 (2) 2010-2011
0%
1387 Chadrac Akolo RW 15 2 (1) 2019-2020
0%
1926 Chafik Najih AM 2 0 (0) 2010-2011
0%
1323 Chaher Zarour CB 17 0 (0) 2011-2012
0%
894 Chahir Belghazouani LW 37 6 (1) 2012-2014
0%
846 Chaker Alhadhur LB 40 0 (2) 2013-2016
0%
621 Chang-hoon Kwon RW 61 13 (3) 2016-2019
0%
625 Chaouki Ben Saada RW 61 3 (2) 2010-2011, 2015-2016, 2017-2018
0%
1390 Charles Diers CM 15 1 (0) 2015-2016
0%
499 Charles Kaboré DM 76 0 (5) 2010-2013
0%
1092 Charlison Benschop ST 27 5 (2) 2012-2013
0%
1787 Charly Charrier AM 3 0 (0) 2017-2018
0%
158 Cheick Diabaté ST 141 58 (14) 2010-2017
0%
525 Cheick Doukouré DM 72 1 (1) 2010-2011, 2013-2014, 2016-2017
0%
1019 Cheick Timite RW 30 1 (2) 2018-2020
0%
60 Cheikh M'Bengue LB 188 1 (5) 2010-2018
0%
2069 Cheikh Niasse DM 1 0 (0) 2019-2020
0%
1212 Chidozie Awaziem CB 22 1 (0) 2017-2018
0%
1770 Chris Gadi RW 3 0 (0) 2011-2012
0%
1318 Chris Malonga LW 18 3 (1) 2010-2011
0%
545 Chris Mavinga CB 70 0 (3) 2011-2012, 2014-2016
0%
978 Chris Philipps DM 31 0 (0) 2014-2015, 2016-2018
0%
811 Christian Brüls AM 43 2 (8) 2013-2015
0%
1030 Christian Kinkela RM 29 3 (6) 2011-2012
0%
1126 Christian Kouakou ST 25 2 (1) 2015-2016, 2017-2018
0%
1152 Christian Poulsen DM 24 0 (0) 2011-2012
0%
52 Christophe Kerbrat CB 194 1 (1) 2013-2019
0%
1141 Christophe Landrin CM 25 1 (1) 2010-2011
0%
392 Christophe Mandanne ST 89 14 (11) 2011-2012, 2013-2014, 2016-2017
0%
790 Christopher Glombard RB 45 3 (2) 2012-2015
0%
328 Christopher Jullien CB 99 6 (3) 2016-2019
0%
1029 Christopher Maboulou ST 29 3 (1) 2014-2016
0%
1931 Christopher Missilou DM 1 0 (0) 2011-2012
0%
2003 Christopher Rocchia LB 1 0 (0) 2018-2019
0%
1856 Christophe Vincent DM 2 0 (0) 2012-2013
0%
946 Chu-young Park ST 33 12 (1) 2010-2011
0%
1895 Cicin CM 2 0 (0) 2015-2016
0%
570 Ciprian Tătărușanu GK 66 0 (0) 2017-2020
0%
681 Clarck N'Sikulu ST 54 8 (1) 2012-2015
0%
1218 Claude Dielna CB 22 0 (1) 2013-2014
0%
1186 Claude Gonçalves DM 23 0 (0) 2013-2014
0%
951 Claude Makélélé DM 33 0 (1) 2010-2011
0%
184 Claudio Beauvue ST 131 31 (11) 2012-2015, 2018-2019
0%
1355 Claudiu Keșerü ST 16 1 (2) 2013-2014
0%
135 Clément Chantôme DM 148 6 (14) 2010-2017
0%
1334 Clément Depres ST 17 4 (1) 2018-2019
0%
87 Clément Grenier CM 172 22 (31) 2010-2020
0%
928 Clément Maury GK 34 0 (1) 2015-2016
0%
1356 Clément Michelin RB 16 0 (0) 2016-2019
0%
332 Clinton N'Jie RW 98 21 (14) 2012-2014, 2016-2019
0%
1088 Colin Dagba RB 27 0 (2) 2018-2020
0%
222 Corentin Jean ST 120 10 (9) 2012-2013, 2015-2020
0%
1151 Cristian Battocchio CM 24 3 (1) 2019-2020
0%
1467 Cristian Benavente AM 12 0 (1) 2019-2020
0%
2001 Cyriack Garel GK 1 0 (0) 2014-2015
0%
1721 Cyriaque Rivieyran RB 4 0 (0) 2011-2012
0%
1757 Cyril Hennion AM 4 0 (0) 2010-2012
0%
732 Cyril Jeunechamp DM 51 0 (2) 2010-2013
0%
1288 Cyrille Merville GK 19 0 (0) 2010-2011
0%
1792 Daisuke Matsui LM 3 0 (0) 2011-2012
0%
947 Dalbert LB 33 0 (3) 2016-2017
0%
624 Damien Grégorini GK 61 0 (0) 2010-2013
0%
591 Damien Le Tallec DM 64 5 (1) 2018-2020
0%
782 Damien Marcq CB 46 0 (0) 2010-2012
0%
956 Damien Tibéri LM 33 0 (1) 2011-2013
0%
915 Damjan Djokovic CM 35 2 (4) 2015-2016
0%
354 Daniel Braaten RW 95 8 (9) 2010-2013
0%
2 Daniel Congré CB 325 10 (8) 2010-2020
0%
759 Daniel Niculae ST 48 10 (3) 2010-2012
0%
181 Daniel Wass CM 133 23 (12) 2011-2015
0%
1811 Danijel Aleksic AM 3 0 (0) 2011-2013
0%
1023 Danijel Ljuboja ST 30 5 (1) 2010-2011
0%
1473 Danijel Milicevic AM 12 0 (4) 2017-2018
0%
1851 Danijel Petkovic GK 2 0 (0) 2019-2020
0%
57 Danijel Subasic GK 192 0 (0) 2013-2019
0%
1227 Danilo Avelar LB 21 1 (1) 2017-2018
0%
870 Danilo Barbosa DM 38 0 (0) 2018-2020
0%
1644 Dan Nistor CM 6 0 (0) 2013-2014
0%
1969 Dany Maury RB 1 0 (0) 2013-2014
0%
1374 Dany Nounkeu CB 15 1 (0) 2010-2011, 2014-2015
0%
1119 Darío Benedetto ST 26 11 (1) 2019-2020
0%
547 Darío Cvitanich ST 69 30 (3) 2012-2015
0%
1990 Dario Maresic CB 1 0 (0) 2019-2020
0%
598 Dariusz Dudka DM 63 5 (5) 2010-2012
0%
1932 Darnel Situ CB 1 0 (0) 2010-2011
0%
1774 David Alcibiade RB 3 0 (1) 2017-2018
0%
851 David Bellion ST 40 1 (1) 2010-2014
0%
1854 David Camps RW 2 0 (0) 2011-2012
0%
1966 David Djigla LM 1 0 (0) 2014-2015
0%
106 David Ducourtioux RB 161 3 (12) 2010-2013, 2015-2016
0%
1978 David Gigliotti ST 1 0 (0) 2012-2013
0%
1229 David Hellebuyck CM 21 1 (3) 2010-2012
0%
1717 David Jarolím CM 5 0 (0) 2012-2013
0%
799 David N'Gog ST 44 10 (2) 2014-2016
0%
1678 David Oberhauser GK 5 0 (0) 2012-2013, 2014-2015, 2016-2017
0%
1365 David Pollet ST 16 1 (1) 2010-2011
0%
524 David Rozehnal CB 73 2 (3) 2010-2015
0%
352 David Sauget LB 95 1 (3) 2010-2013
0%
733 Delvin N'Dinga DM 51 1 (2) 2010-2011, 2013-2014
0%
565 Denis Bouanga LW 66 19 (6) 2014-2015, 2018-2020
0%
1236 Denis Petric GK 21 0 (0) 2015-2016, 2019-2020
0%
1269 Denis Tonucci CB 20 0 (0) 2013-2014
0%
1871 Denis-Will Poha CM 2 0 (0) 2018-2019
0%
1650 Deniz Hümmet ST 6 0 (0) 2015-2016
0%
406 Dennis Appiah RB 87 1 (3) 2014-2015, 2019-2020
0%
356 Dennis Oliech RW 95 18 (10) 2010-2014
0%
1380 Denys Bain CB 15 1 (0) 2019-2020
0%
1414 Dereck Kutesa LW 14 1 (0) 2019-2020
0%
1025 Diallo Guidileye DM 30 0 (2) 2011-2012, 2016-2017
0%
1637 Dickson Nwakaeme ST 6 0 (0) 2016-2017
0%
180 Didier Digard DM 133 3 (10) 2010-2015
0%
418 Didier Ndong DM 86 2 (6) 2014-2016, 2018-2020
0%
1097 Diego Benaglio GK 26 0 (0) 2017-2019
0%
338 Diego Carlos CB 97 4 (0) 2016-2019
0%
1455 Diego Lugano CB 12 0 (0) 2011-2012
0%
389 Diego Rigonato LM 90 13 (13) 2012-2016
0%
220 Diego Rolán ST 121 33 (12) 2012-2017
0%
1531 Dieumerci Mbokani ST 10 1 (3) 2010-2011
0%
1209 Dimitri Cavaré CB 22 0 (2) 2014-2015, 2016-2017
0%
918 Dimitri Foulquier RB 35 0 (2) 2011-2013, 2017-2018
0%
488 Dimitri Liénard CM 77 7 (10) 2017-2020
0%
1745 Dimitry Bertaud GK 4 0 (0) 2018-2020
0%
1948 Diogo Campos AM 1 0 (0) 2012-2013
0%
2067 Distel Zola DM 1 0 (0) 2011-2012
0%
1920 Djegui Koita CB 2 0 (0) 2018-2019
0%
1312 Domagoj Bradarić LB 18 0 (1) 2019-2020
0%
1716 Dominik Furman CM 5 0 (0) 2013-2014
0%
1725 Donovan Léon GK 4 0 (0) 2011-2012, 2019-2020
0%
1610 Dorian Caddy ST 7 0 (0) 2015-2016
0%
702 Dorian Lévêque LB 52 2 (1) 2013-2017
0%
1094 Dragoș Grigore CB 27 0 (0) 2014-2015
0%
334 Drissa Diakité CB 98 0 (0) 2010-2011, 2013-2015
0%
2054 Driss Khalid AM 1 0 (0) 2017-2018
0%
1873 Driss Trichard LB 2 0 (0) 2013-2014, 2018-2019
0%
806 Duje Caleta-Car CB 43 1 (1) 2018-2020
0%
1554 Durel Avounou CM 9 0 (0) 2017-2018
0%
1702 Dusan Predrag Djuric CM 5 0 (0) 2011-2012
0%
836 Dusan Veskovac CB 41 0 (1) 2013-2017
0%
1388 Dylan Bahamboula AM 15 1 (0) 2016-2018
0%
1555 Dylan Bronn CB 9 0 (0) 2019-2020
0%
2084 Dylan Gissi CB 1 0 (0) 2014-2015
0%
1818 Dylan Lempereur LB 3 0 (0) 2017-2018
0%
2005 Dylan Saint-Louis LW 1 1 (0) 2016-2017
0%
723 Eddy Gnahoré DM 51 4 (2) 2018-2020
0%
1673 Eddy Sylvestre CM 6 0 (1) 2018-2020
0%
432 Eden Ben Basat ST 84 20 (3) 2011-2014
0%
1663 Eden Massouema DM 6 0 (0) 2017-2018
0%
725 Edgar Ié CB 51 1 (0) 2017-2019
0%
1766 Edmilson Correia ST 4 0 (0) 2019-2020
0%
636 Édouard Butin ST 60 11 (4) 2010-2014
0%
512 Eduardo ST 75 15 (8) 2010-2014
0%
1006 Eduardo AM 30 10 (5) 2014-2015
0%
1973 Edwin Maanane ST 1 0 (0) 2015-2016
0%
1153 Efthymios Koulouris ST 24 4 (2) 2019-2020
0%
911 Eiji Kawashima GK 36 0 (0) 2016-2019
0%
1964 Ejike Uzoenyi LW 1 0 (0) 2012-2013
0%
1597 Elamine Erbate CB 8 0 (1) 2010-2011
0%
897 Elderson LB 37 1 (1) 2013-2016
0%
1664 Élie Youan LW 6 0 (0) 2018-2020
0%
1176 Eliran Atar LW 23 2 (1) 2013-2015
0%
1479 Elliot Grandin AM 12 0 (1) 2011-2012
0%
210 Ellyes Skhiri DM 123 10 (5) 2014-2019
0%
767 Éloge Enza-Yamissi DM 47 1 (3) 2012-2014
0%
832 Emanuel Herrera ST 41 6 (1) 2012-2014
0%
1333 Emanuel Mammana CB 17 1 (0) 2016-2017
0%
1044 Emerse Faé CM 28 3 (4) 2010-2012
0%
994 Émerson Conceição LB 31 0 (3) 2010-2011, 2013-2014
0%
919 Emil Krafth RB 35 1 (1) 2018-2019
0%
2078 Emil Lyng LW 1 0 (0) 2010-2011
0%
1341 Emmanuel Bourgaud RM 17 0 (1) 2017-2018
0%
1575 Emmanuel Corrèze DM 8 0 (0) 2010-2011
0%
536 Emmanuel Imorou LB 71 1 (3) 2014-2019
0%
1240 Emmanuel Mayuka ST 21 4 (0) 2013-2014
0%
170 Emmanuel Rivière ST 137 32 (15) 2010-2013, 2017-2018
0%
686 Enock Kwateng RB 54 0 (2) 2015-2020
0%
204 Enzo Crivelli ST 125 23 (9) 2013-2019
0%
1241 Enzo Loiodice CM 21 0 (1) 2017-2020
0%
1178 Enzo Réale CM 23 1 (2) 2010-2011, 2012-2014
0%
82 Eric Bauthéac RW 172 26 (25) 2011-2017
0%
1360 Éric Chelle CB 16 0 (0) 2010-2011
0%
1255 Erick Cabaco CB 20 0 (1) 2016-2017
0%
627 Éric Mouloungui ST 60 12 (6) 2010-2012
0%
1396 Erik Pieters LB 15 1 (1) 2018-2019
0%
1116 Ermir Lenjani LB 26 1 (1) 2014-2017
0%
1083 Ernest Seka CB 27 1 (0) 2017-2018
0%
2015 Ervin Taha ST 1 0 (0) 2017-2018
0%
1447 Erwin Koffi RB 13 0 (1) 2015-2017
0%
1342 Erwin Zelazny GK 17 0 (0) 2017-2018
0%
1300 Esmaël Gonçalves ST 18 2 (3) 2010-2012
0%
21 Étienne Didot CM 253 10 (22) 2010-2019
0%
1481 Evens Joseph LW 12 0 (1) 2018-2019
0%
2039 Exaucé Ngassaki ST 1 0 (0) 2016-2017
0%
1052 Ezequiel Ponce ST 28 2 (1) 2017-2018
0%
856 Fabián Monzón LB 40 8 (0) 2011-2013
0%
419 Fabien Camus AM 86 12 (5) 2012-2013, 2014-2016
0%
1054 Fabien Centonze RB 28 0 (3) 2019-2020
0%
1863 Fabien Dao Castellana DM 2 0 (0) 2012-2013
0%
1113 Fabien Laurenti RB 26 0 (0) 2010-2011
0%
51 Fabien Lemoine DM 199 5 (15) 2010-2017
0%
1024 Fábio RB 30 0 (2) 2018-2020
0%
1393 Fábio Coentrão LB 15 3 (2) 2015-2016
0%
319 Fabrice Abriel CM 102 1 (5) 2010-2014
0%
1971 Fabrice Apruzesse ST 1 0 (0) 2012-2013
0%
1476 Fabrice Begeorgi LB 12 0 (0) 2011-2013
0%
824 Fabrice Ehret LB 42 2 (2) 2011-2014
0%
1224 Fabrice N'Sakala LB 22 0 (2) 2012-2013
0%
1451 Fabrice Pancrate RW 13 0 (0) 2013-2014
0%
1404 Facundo Bertoglio AM 14 0 (0) 2013-2014
0%
1228 Facundo Píriz DM 21 0 (0) 2017-2019
0%
1680 Fadil Sido AM 5 0 (0) 2014-2015
0%
477 Fahid Ben Khalfallah RW 79 1 (5) 2010-2014
0%
442 Faitout Maouassa LB 83 6 (7) 2016-2020
0%
1802 Faïz Selemani LW 3 0 (0) 2016-2017
0%
1646 Fakhreddine Ben Youssef ST 6 0 (0) 2014-2015
0%
485 Fallou Diagne CB 78 6 (1) 2014-2018
0%
988 Famara Diédhiou ST 31 8 (2) 2016-2017
0%
408 Faouzi Ghoulam LB 87 1 (7) 2010-2014
0%
984 Farès Bahlouli AM 31 2 (0) 2012-2018
0%
1047 Farid Boulaya AM 28 2 (2) 2016-2017, 2019-2020
0%
1110 Farid El Melali LW 26 3 (1) 2018-2020
0%
1049 Fatih Atik CM 28 2 (4) 2013-2014
0%
746 Fayçal Fajr CM 49 5 (6) 2011-2012, 2018-2019
0%
1468 Federico Andrada ST 12 0 (0) 2014-2015
0%
1199 Federico Santander ST 23 5 (2) 2010-2011
0%
1452 Felipe Pardo RW 13 1 (0) 2016-2017
0%
1142 Felipe Saad CB 25 0 (1) 2011-2012, 2014-2015
0%
738 Félix Eboa Eboa CB 50 4 (0) 2017-2019
0%
1296 Férébory Doré ST 18 0 (0) 2015-2017
0%
1436 Ferjani Sassi CM 13 1 (2) 2014-2015
0%
916 Fernando DM 35 2 (1) 2010-2011
0%
935 Fernando Aristeguieta ST 33 2 (0) 2013-2014, 2016-2017
0%
1891 Fernando Cavenaghi ST 2 0 (1) 2010-2011
0%
1720 Ferris N'Goma CM 4 1 (0) 2019-2020
0%
635 Féthi Harek LB 60 0 (2) 2012-2013, 2018-2019
0%
1089 Filip Djordjevic ST 27 10 (4) 2013-2014
0%
1869 Filippos Darlas LB 2 0 (0) 2010-2011
0%
633 Firmin Mubele ST 60 10 (3) 2016-2019
0%
353 Flavien Tait CM 95 13 (17) 2016-2020
0%
17 Florent Balmont CM 259 6 (25) 2010-2020
0%
1343 Florent Chaigneau GK 17 0 (0) 2011-2012, 2013-2014, 2015-2016
0%
1501 Florent Ghisolfi CM 11 0 (0) 2012-2014
0%
305 Florent Mollet AM 104 19 (11) 2016-2020
0%
1193 Florent Sinama-Pongolle CF 23 4 (0) 2011-2012
0%
1574 Florent Zitte ST 8 1 (0) 2012-2013
0%
2024 Florian Chabrolle AM 1 0 (0) 2019-2020
0%
1073 Florian Jarjat CB 27 1 (1) 2012-2013
0%
1961 Florian Julien RB 1 0 (1) 2012-2013
0%
1516 Florian Lejeune CB 10 0 (0) 2012-2013
0%
272 Florian Marange LB 109 1 (0) 2010-2017
0%
890 Florian Miguel LB 37 1 (1) 2018-2020
0%
421 Florian Raspentino ST 85 11 (6) 2012-2017
0%
2004 Florian Sotoca ST 1 0 (0) 2015-2016
0%
1345 Florin Bérenguer AM 16 0 (0) 2011-2012
0%
208 Floyd Ayité LW 124 20 (12) 2010-2011, 2012-2016
0%
434 Fodé Ballo-Touré LB 84 0 (5) 2017-2020
0%
880 Fodé Koita ST 38 3 (3) 2010-2011, 2014-2015
0%
1171 Fodé Mansaré LW 24 0 (3) 2010-2011
0%
383 Fouad Chafik RB 90 0 (7) 2016-2020
0%
1685 Fouad Rachid DM 5 0 (0) 2010-2013
0%
286 Foued Kadir AM 107 20 (12) 2010-2014
0%
1259 Fousseni Diabaté RW 20 1 (3) 2019-2020
0%
792 Fousseni Diawara RB 44 5 (5) 2011-2013
0%
1117 Francisco Pavón CB 26 0 (0) 2010-2011
0%
1173 Francis Coquelin DM 24 1 (1) 2010-2011
0%
1569 Francis Massampu ST 8 0 (0) 2010-2011, 2013-2014
0%
118 Franck Béria RB 156 2 (8) 2010-2017
0%
583 Franck Dja Djédjé RW 64 8 (3) 2010-2013
0%
1784 Franck Héry DM 3 0 (0) 2015-2016
0%
986 Franck Honorat RW 31 0 (3) 2013-2015, 2019-2020
0%
1941 Franck Julienne RW 1 0 (0) 2010-2011
0%
1553 Franck Queudrue LB 9 0 (1) 2010-2011
0%
226 Franck Signorino LB 119 1 (8) 2012-2017
0%
56 Franck Tabanou LB 193 15 (25) 2010-2015, 2017-2019
0%
275 François Bellugou DM 109 2 (1) 2014-2018
0%
139 François Clerc RB 146 8 (9) 2010-2016
0%
111 François Kamano LW 160 32 (13) 2014-2020
0%
1657 François Marque CB 6 1 (0) 2012-2013
0%
372 François Modesto CB 92 4 (2) 2013-2016
0%
174 François Moubandje LB 134 0 (3) 2013-2019
0%
1449 Franco Sosa RB 13 0 (1) 2010-2011
0%
475 Frank Anguissa CM 79 0 (1) 2015-2018
0%
604 Frédéric Bulot LW 62 5 (8) 2010-2011, 2015-2016
0%
190 Frédéric Guilbert RB 129 2 (6) 2014-2019
0%
113 Frédéric Sammaritano LW 159 12 (16) 2010-2012, 2016-2020
0%
673 Gabriel Boschilia AM 55 10 (6) 2015-2020
0%
1706 Gabriel Cichero CB 5 0 (0) 2013-2014
0%
999 Gabriel Heinze CB 31 3 (0) 2010-2011
0%
1739 Gabriel Peñalba CM 4 0 (0) 2011-2012
0%
1958 Gaël Andonian CB 1 0 (0) 2014-2015
0%
977 Gaël Angoula RB 31 0 (1) 2012-2013, 2015-2016
0%
55 Gaël Danic LW 193 31 (33) 2010-2017
0%
1274 Gaël Germany LB 19 1 (1) 2010-2011
0%
2048 Gaël Givet CB 1 0 (0) 2014-2015
0%
519 Gaël Kakuta AM 74 12 (12) 2011-2012, 2017-2018, 2019-2020
0%
1601 Gaëtan Belaud RB 7 0 (0) 2019-2020
0%
460 Gaëtan Bong LB 80 1 (5) 2010-2014
0%
980 Gaëtan Bussmann LB 31 2 (4) 2014-2015
0%
171 Gaëtan Charbonnier ST 137 23 (17) 2012-2015, 2019-2020
0%
513 Gaëtan Courtet ST 74 11 (3) 2012-2015
0%
212 Gaëtan Laborde ST 122 26 (15) 2015-2020
0%
839 Gaëtan Paquiez RB 41 0 (0) 2018-2020
0%
1804 Gaëtan Perrin RW 3 1 (0) 2015-2016
0%
2002 Gaëtan Poussin GK 1 0 (0) 2018-2019
0%
1485 Ganso AM 12 0 (2) 2018-2019
0%
522 Garry Bocaly RB 73 3 (4) 2010-2014
0%
1001 Gary Kagelmacher CB 31 0 (1) 2013-2014
0%
1358 Gauthier Hein RW 16 1 (0) 2016-2018
0%
1084 Gautier Larsonneur GK 27 0 (0) 2019-2020
0%
1617 Gennaro Bracigliano GK 7 0 (0) 2010-2011
0%
1277 Gen Shoji CB 19 0 (0) 2018-2020
0%
1902 Geoffrey Acheampong AM 2 0 (0) 2016-2017
0%
557 Geoffrey Dernis LW 67 7 (2) 2010-2013
0%
703 Geoffrey Kondogbia DM 52 2 (3) 2010-2011, 2013-2015
0%
1402 Geoffrey Tulasne CM 15 1 (0) 2010-2011
0%
1727 Georges Gope-Fenepej LW 4 0 (0) 2012-2013, 2017-2018
0%
573 Georges-Kevin N'Koudou LW 65 7 (5) 2013-2015, 2018-2019
0%
377 Georges Mandjeck DM 92 3 (0) 2010-2011, 2016-2018
0%
2080 Georges Mikautadze ST 1 0 (0) 2019-2020
0%
1486 Georgie Welcome ST 12 2 (1) 2010-2011
0%
1124 Gerónimo Poblete DM 25 0 (0) 2017-2018
0%
1125 Gerónimo Rulli GK 25 0 (0) 2019-2020
0%
924 Gervinho LW 35 15 (10) 2010-2011
0%
1394 Gerzino Nyamsi CB 15 0 (0) 2017-2020
0%
906 Ghislain Konan LB 36 0 (2) 2018-2020
0%
360 Giannelli Imbula DM 94 4 (6) 2013-2014, 2017-2018
0%
447 Gianni Bruno ST 83 11 (3) 2011-2015
0%
843 Gil CB 40 2 (0) 2011-2013
0%
346 Gilles Cioni RB 96 0 (1) 2012-2017
0%
108 Gilles Sunu RW 161 12 (6) 2010-2018
0%
2051 Giulian Biancone CB 1 0 (0) 2018-2019
0%
1317 Gonzalo Bergessio ST 18 0 (1) 2010-2012
0%
1472 Goran Karanovic ST 12 1 (0) 2015-2016
0%
664 Granddi N'Goyi DM 56 1 (2) 2010-2011, 2012-2013
0%
581 Grégoire Puel RB 64 1 (2) 2012-2015
0%
1751 Grégory Bettiol ST 4 0 (0) 2012-2013
0%
152 Grégory Bourillon CB 142 6 (6) 2010-2017
0%
1763 Grégory Cerdan CB 4 0 (0) 2013-2014
0%
1395 Grégory Coupet GK 15 0 (0) 2010-2011
0%
1508 Grégory Lacombe RW 11 0 (1) 2010-2011
0%
720 Grégory Leca DM 51 1 (3) 2010-2012
0%
858 Grégory Lorenzi CB 39 1 (1) 2010-2013
0%
1595 Grégory Paisley LB 8 0 (0) 2010-2011
0%
844 Grégory Proment DM 40 2 (1) 2010-2012
0%
110 Grégory Sertic DM 161 5 (16) 2010-2019
0%
1364 Grégory Tafforeau LB 16 0 (1) 2010-2011
0%
1115 Grégory Thil ST 26 2 (1) 2011-2012
0%
1256 Grejohn Kyei ST 20 4 (3) 2014-2015, 2018-2019
0%
1093 Grenddy Perozo CB 27 2 (0) 2013-2014
0%
572 Guido Carrillo ST 65 15 (4) 2015-2018
0%
783 Guido Milán CB 46 2 (0) 2014-2015, 2016-2017
0%
345 Guillaume Gillet DM 96 6 (2) 2014-2018
0%
507 Guillaume Hoarau ST 75 19 (9) 2010-2014
0%
1196 Guillaume Lacour RB 23 0 (0) 2011-2013
0%
1585 Guillaume Loriot CM 8 0 (0) 2010-2012
0%
1498 Guillaume Rippert LB 11 0 (1) 2011-2012
0%
258 Guillermo Ochoa GK 112 0 (0) 2011-2014
0%
961 Guirane N'Daw DM 32 0 (1) 2010-2011, 2014-2015
0%
2083 Guy Gnabouyou ST 1 0 (0) 2010-2011
0%
403 Guy Ndy Assembé GK 88 0 (0) 2011-2013, 2016-2017
0%
1377 Guy N'Gosso DM 15 1 (0) 2015-2016, 2017-2018
0%
1505 Habib Bamogo CF 11 1 (0) 2010-2011
0%
778 Habib Diallo ST 46 13 (5) 2016-2017, 2019-2020
0%
1086 Habib Habibou ST 27 3 (1) 2014-2016
0%
797 Habib Maïga DM 44 2 (2) 2016-2017, 2019-2020
0%
1205 Haitam Aleesami LB 22 1 (1) 2019-2020
0%
1939 Hakeem Achour AM 1 0 (0) 2011-2012
0%
1888 Hakim El Mokeddem AM 2 0 (0) 2018-2019
0%
1803 Hamadou Karamoko CB 3 0 (0) 2015-2016
0%
1619 Hamdi Kasraoui GK 7 0 (0) 2010-2011
0%
1552 Hamer Bouazza RW 9 1 (1) 2010-2011
0%
1749 Hamidou Keyta LW 4 0 (0) 2016-2017
0%
996 Hamza Mendyl LB 31 1 (0) 2016-2017, 2019-2020
0%
1816 Han-Noah Massengo CM 3 0 (0) 2018-2019
0%
1180 Haris Belkebla CM 23 0 (0) 2019-2020
0%
1411 Haris Duljevic LW 14 0 (3) 2019-2020
0%
1499 Harold Moukoudi CB 11 0 (0) 2019-2020
0%
787 Harrison Manzala RW 45 4 (3) 2017-2019
0%
1834 Harry Novillo LW 2 0 (0) 2010-2012
0%
1189 Hasan Kabze ST 23 0 (2) 2010-2012
0%
429 Hatem Ben Arfa AM 84 24 (11) 2010-2011, 2015-2016, 2018-2019
0%
1428 Hélder RB 14 0 (1) 2011-2013
0%
43 Henri Bedimo LB 203 2 (23) 2010-2018
0%
1630 Henri Bienvenu ST 7 0 (0) 2015-2016
0%
459 Henrique CB 80 5 (1) 2010-2014
0%
120 Henri Saivet AM 156 18 (12) 2010-2017
0%
1746 Henry Onyekuru LW 4 0 (1) 2019-2020
0%
1686 Hérita Ilunga LB 5 0 (0) 2012-2013
0%
1671 Herman Moussaki ST 6 0 (1) 2018-2019
0%
1410 Hernani CM 14 3 (0) 2017-2018
0%
370 Hervé Bazile LW 93 9 (10) 2014-2018
0%
1748 Hervé Koffi GK 4 0 (0) 2017-2018
0%
1344 Hervé Lybohy CB 17 2 (0) 2018-2019
0%
1075 Hervin Ongenda AM 27 1 (3) 2013-2016
0%
1924 Hianga'a Mbock CM 2 1 (0) 2019-2020
0%
1559 Hicham Boudaoui CM 9 1 (2) 2019-2020
0%
1741 Hicham Mahou RW 4 0 (0) 2016-2018
0%
1837 Hicham M'Laab AM 2 0 (0) 2015-2016
0%
5 Hilton CB 299 10 (6) 2010-2020
0%
241 Hiroki Sakai RB 116 1 (9) 2016-2020
0%
339 Houssem Aouar AM 97 16 (16) 2016-2020
0%
1592 Hugo Magnetti CM 8 0 (0) 2019-2020
0%
617 Hyun-jun Suk ST 61 10 (1) 2017-2020
0%
1287 Ibrahima Diallo DM 19 0 (1) 2019-2020
0%
400 Ibrahim Amadou DM 88 2 (1) 2012-2013, 2015-2018
0%
731 Ibrahima Niane ST 51 5 (1) 2017-2018, 2019-2020
0%
1944 Ibrahima Tandia AM 1 0 (0) 2011-2012
0%
482 Ibrahim Sangaré DM 78 2 (5) 2016-2020
0%
784 Idriss Saadi ST 45 4 (0) 2010-2013, 2017-2019
0%
716 Ignatius Ganago ST 52 6 (1) 2017-2020
0%
877 Igor Lewczuk CB 38 1 (1) 2016-2019
0%
1298 Igor Lolo RB 18 1 (1) 2010-2011
0%
1376 Iheb Mbarki RB 15 0 (1) 2012-2013
0%
478 Ilan ST 78 10 (2) 2011-2014
0%
1845 Ilan Boccara DM 2 0 (0) 2013-2014
0%
1870 Ilias Hassani CB 2 0 (0) 2013-2014, 2015-2016
0%
1679 Il-lok Yun LW 5 0 (0) 2019-2020
0%
2000 Ilyes Chaïbi ST 1 0 (0) 2015-2016
0%
1623 Imad Faraj RW 7 0 (1) 2017-2018
0%
1143 Imrân Louza CM 25 2 (2) 2018-2020
0%
1066 Innocent Emeghara ST 28 5 (2) 2011-2013
0%
1159 Irvin Cardona ST 24 6 (3) 2016-2017, 2019-2020
0%
1031 Isaac Kiese Thelin ST 29 3 (5) 2014-2017
0%
1915 Isaac Lihadji RW 2 0 (0) 2019-2020
0%
650 Isaac Mbenza RW 57 11 (2) 2016-2017, 2019-2020
0%
1603 Ishak Belfodil ST 7 0 (0) 2011-2012
0%
1515 Ishmael Yartey RW 10 0 (1) 2012-2013
0%
965 Ismaël Bangoura ST 32 4 (0) 2010-2011, 2013-2015
0%
368 Ismaël Diomandé DM 93 1 (2) 2011-2019
0%
1315 Ismaël Gace CB 18 1 (0) 2010-2011
0%
1814 Ismaïl Aaneba CB 3 0 (0) 2018-2019
0%
1703 Issa Baradji ST 5 3 (0) 2013-2014
0%
325 Issa Cissokho RB 100 0 (6) 2013-2014, 2016-2018
0%
1805 Issam Ben Khemis CM 3 0 (0) 2015-2017
0%
808 Issam Jemâa ST 43 9 (1) 2010-2012
0%
63 Issiaga Sylla LB 186 9 (12) 2012-2020
0%
1165 Itay Shechter ST 24 1 (0) 2013-2015
0%
719 Iván Balliu RB 52 0 (6) 2016-2018
0%
1407 Ivan Cavaleiro LW 14 1 (0) 2015-2017
0%
568 Ivan Santini ST 66 26 (3) 2016-2018
0%
1082 Jaba Kankava DM 27 0 (1) 2015-2016
0%
2040 Jack Lahne ST 1 1 (0) 2019-2020
0%
976 Jacques Zoua ST 31 5 (2) 2015-2016
0%
1361 Jakob Johansson DM 16 1 (0) 2018-2019
0%
1127 Jamel Aït Ben Idir DM 25 0 (0) 2010-2011
0%
287 Jamel Saihi DM 107 1 (1) 2010-2017
0%
1496 James Fanchone RW 11 0 (1) 2010-2011
0%
489 James Léa Siliki CM 77 3 (6) 2016-2020
0%
2052 Janis Antiste ST 1 0 (0) 2019-2020
0%
1731 Janis Ikaunieks AM 4 0 (0) 2014-2015
0%
1386 Jan Repas CM 15 0 (0) 2017-2018
0%
659 Jason Denayer CB 56 2 (1) 2018-2020
0%
983 Javier Manquillo RB 31 0 (1) 2015-2016
0%
1245 Jean-Alain Fanchone LB 21 0 (1) 2010-2011
0%
1988 Jean Ambrose CB 1 0 (0) 2015-2016
0%
150 Jean-Armel Kana-Biyik CB 144 6 (1) 2010-2016
0%
558 Jean-Baptiste Pierazzi CM 67 0 (2) 2011-2014
0%
1161 Jean Calvé RB 24 3 (3) 2011-2012, 2014-2015
0%
1202 Jean-Charles Castelletto CB 22 1 (0) 2019-2020
0%
342 Jean-Christophe Bahebeck ST 96 8 (8) 2010-2016
0%
1930 Jean-Christophe Bouet GK 1 0 (0) 2017-2018
0%
1535 Jean-Clair Todibo CB 10 1 (1) 2018-2019
0%
219 Jean-Daniel Akpa Akpro CM 121 5 (9) 2011-2017
0%
2057 Jean-Daniel Padovani GK 1 0 (0) 2011-2012
0%
1231 Jean Deza LW 21 1 (1) 2013-2016
0%
597 Jean-Eudes Aholou DM 63 6 (2) 2017-2020
0%
1223 Jean-Jacques Gosso DM 22 1 (1) 2010-2011
0%
1474 Jean-Jacques Pierre CB 12 0 (1) 2014-2015
0%
945 Jean-Kévin Augustin ST 33 2 (1) 2015-2016, 2019-2020
0%
1419 Jean-Kévin Duverne CB 14 0 (0) 2019-2020
0%
1972 Jean-Landry Bassilekin ST 1 0 (0) 2012-2013
0%
471 Jean-Louis Leca GK 79 0 (0) 2013-2017
0%
1984 Jean-Luc Dompé LW 1 0 (0) 2017-2018
0%
530 Jean Makoun DM 72 4 (8) 2010-2011, 2012-2015
0%
309 Jean Michaël Seri DM 103 12 (22) 2015-2018
0%
721 Jean-Pascal Mignot CB 51 4 (1) 2010-2014
0%
938 Jean-Philippe Gbamin DM 33 0 (0) 2014-2015
0%
1764 Jean-Philippe Sabo LB 4 0 (0) 2011-2012
0%
1690 Jean-Pierre Nsame ST 5 0 (0) 2015-2016
0%
1166 Jean-Ricner Bellegarde CM 24 0 (1) 2019-2020
0%
901 Jeff Louis AM 36 1 (0) 2012-2013, 2015-2017
0%
634 Jeff Reine-Adélaïde AM 60 6 (7) 2017-2020
0%
270 Jemerson CB 109 4 (2) 2015-2020
0%
393 Jérémie Aliadière ST 89 26 (16) 2011-2013, 2016-2017
0%
1080 Jérémie Boga LW 27 2 (0) 2015-2016
0%
497 Jérémie Bréchet CB 76 2 (1) 2010-2013, 2015-2016
0%
1797 Jérémie Porsan-Clémente LW 3 0 (0) 2014-2015, 2017-2018
0%
960 Jérémy Berthod LB 32 0 (0) 2010-2012
0%
1131 Jérémy Blayac ST 25 3 (2) 2017-2018
0%
760 Jérémy Choplin CB 48 0 (0) 2012-2013, 2014-2015
0%
78 Jérémy Clément DM 178 1 (3) 2010-2017
0%
1487 Jérémy Cordoval RB 11 0 (1) 2017-2018
0%
585 Jérémy Gélin DM 64 0 (2) 2017-2020
0%
1037 Jérémy Grimm DM 29 1 (0) 2017-2020
0%
1996 Jérémy Livolant LW 1 0 (0) 2015-2016
0%
297 Jérémy Ménez ST 105 17 (27) 2011-2013, 2016-2017
0%
11 Jérémy Morel LB 275 5 (12) 2010-2020
0%
99 Jérémy Pied RB 166 7 (22) 2010-2015, 2018-2020
0%
19 Jérémy Sorbon CB 256 5 (1) 2010-2011, 2013-2019
0%
109 Jérémy Toulalan DM 161 1 (4) 2010-2011, 2013-2018
0%
611 Jérôme Le Moigne DM 62 0 (2) 2014-2016
0%
700 Jérôme Leroy AM 53 6 (8) 2010-2012
0%
1032 Jérôme Prior GK 29 0 (0) 2015-2018
0%
1062 Jérôme Rothen LM 28 3 (9) 2012-2013
0%
233 Jérôme Roussillon LB 117 7 (9) 2011-2013, 2015-2018
0%
879 Jerry Vandam RB 38 1 (0) 2010-2012
0%
1638 Jerson Cabral LW 6 0 (0) 2016-2017
0%
835 Jesper Hansen GK 41 0 (0) 2013-2016
0%
1493 Jesper Juelsgård CB 11 0 (0) 2014-2015
0%
970 Jessy Deminguet CM 32 1 (1) 2017-2019
0%
1284 Jessy Moulin GK 19 0 (0) 2010-2011, 2016-2020
0%
1120 Jhon Culma DM 26 0 (0) 2011-2013
0%
1332 Jhonder Cádiz ST 17 2 (2) 2019-2020
0%
683 Jimmy Cabot RM 54 9 (8) 2012-2013, 2015-2017
0%
446 Jimmy Durmaz CM 83 9 (5) 2016-2019
0%
1123 Jimmy Giraudon CB 25 0 (0) 2017-2018
0%
661 Jirès Kembo Ekoko RW 56 13 (5) 2010-2013
0%
1310 Joachim Andersen CB 18 1 (0) 2019-2020
0%
1523 Joachim Eickmayer DM 10 0 (0) 2013-2014
0%
1849 Joan Hartock GK 2 0 (0) 2012-2013
0%
966 Joe Cole AM 32 4 (5) 2011-2012
0%
1121 Joel Campbell RW 25 3 (3) 2011-2012
0%
484 Joël Sami CB 78 0 (3) 2010-2013
0%
1133 Joey Barton CM 25 0 (3) 2012-2013
0%
1005 Joffrey Cuffaut RB 30 1 (1) 2016-2017
0%
912 Jo-gook Jeong ST 36 4 (3) 2010-2012
0%
589 Johan Audel LW 64 6 (5) 2013-2016
0%
450 Johan Cavalli AM 82 7 (20) 2011-2014
0%
1401 Johan Gastien DM 15 0 (0) 2016-2017
0%
1947 Johan Larsson RB 1 0 (0) 2018-2019
0%
1835 Johan Liébus GK 2 0 (0) 2012-2013
0%
973 Johann Carrasso GK 32 0 (0) 2010-2011, 2014-2016
0%
1929 Johann Durand GK 2 0 (0) 2012-2013
0%
1579 Johann Obiang LB 8 0 (0) 2017-2018
0%
1219 Johann Ramaré DM 22 0 (1) 2012-2013
0%
1769 Johnathan ST 3 0 (0) 2010-2011
0%
1366 John Bostock CM 16 0 (0) 2018-2019
0%
416 John Boye CB 87 4 (1) 2010-2013, 2019-2020
0%
1710 John Mensah CB 5 0 (0) 2011-2013
0%
1175 John Tshibumbu ST 23 3 (0) 2015-2016
0%
518 John Utaka LW 74 13 (7) 2010-2013
0%
1631 John Verhoek ST 7 0 (1) 2010-2011
0%
750 Johny Placide GK 49 0 (0) 2012-2016
0%
559 Jonas Lössl GK 67 0 (0) 2014-2016
0%
826 Jonathan Ayité ST 42 6 (2) 2010-2013
0%
213 Jonathan Bamba LW 122 25 (18) 2014-2020
0%
248 Jonathan Brison LB 114 1 (9) 2010-2016
0%
1211 Jonathan Cafu RW 22 2 (2) 2017-2018, 2019-2020
0%
1737 Jonathan Correia DM 4 0 (0) 2015-2016
0%
291 Jonathan Delaplace CM 106 3 (9) 2013-2018
0%
1179 Jonathan Gradit CB 23 0 (0) 2018-2019
0%
317 Jonathan Ikoné RW 102 8 (18) 2016-2020
0%
1431 Jonathan Ligali GK 13 0 (0) 2012-2013, 2014-2016
0%
791 Jonathan Mensah CB 44 2 (0) 2011-2015
0%
1893 Jonathan Panzo CB 2 0 (0) 2019-2020
0%
378 Jonathan Pitroipa RW 91 13 (18) 2011-2014
0%
743 Jonathan Rivierez CB 50 0 (2) 2014-2015, 2016-2018
0%
1430 Jonathan Tinhan ST 13 1 (0) 2011-2013, 2017-2018
0%
576 Jonathan Zebina CB 65 0 (0) 2011-2014
0%
675 Jordan ST 55 6 (5) 2014-2015, 2018-2020
0%
411 Jordan Adéoti DM 87 0 (2) 2014-2017
0%
172 Jordan Amavi LB 136 5 (9) 2013-2014, 2017-2020
0%
1994 Jordan Boy CB 1 0 (0) 2014-2015
0%
48 Jordan Ferri CM 201 9 (17) 2012-2020
0%
502 Jordan Ikoko RB 75 0 (3) 2016-2019
0%
1261 Jordan Leborgne CM 20 0 (1) 2015-2017
0%
939 Jordan Lefort CB 33 0 (2) 2018-2020
0%
329 Jordan Lotiès CB 99 4 (2) 2010-2012, 2016-2017
0%
422 Jordan Marié CM 85 3 (2) 2016-2020
0%
1102 Jordan N'Kololo CF 26 0 (0) 2015-2016, 2017-2018
0%
1500 Jordan Tell ST 11 1 (0) 2016-2018
0%
331 Jordan Veretout CM 98 11 (16) 2013-2014, 2016-2017
0%
1527 Jordi Mboula RW 10 1 (0) 2017-2019
0%
1886 Jordy Gaspar RB 2 0 (0) 2016-2017
0%
1160 Jorge LB 24 2 (4) 2016-2018
0%
1698 Jorginho RW 5 1 (1) 2016-2017
0%
1270 Joris Chotard DM 20 0 (1) 2019-2020
0%
1400 Joris Delle GK 15 0 (0) 2012-2013, 2014-2015
0%
394 Joris Gnagnon CB 89 3 (2) 2015-2017, 2019-2020
0%
1777 Joris Kayembe LB 3 0 (0) 2017-2018
0%
147 Joris Marveaux CM 144 4 (1) 2010-2017
0%
622 José Fonte CB 61 4 (2) 2018-2020
0%
1149 José Luis Palomino CB 24 1 (0) 2014-2015
0%
1542 Joseph Barbato ST 9 0 (0) 2012-2014
0%
834 Joseph Lopy CM 41 1 (0) 2011-2014
0%
535 José Saez CM 71 5 (2) 2010-2015
0%
1059 Josh Maja ST 28 7 (2) 2018-2020
0%
1618 Joshua Nadeau CB 7 0 (0) 2013-2014
0%
2072 Josué Homawoo CB 1 0 (0) 2019-2020
0%
322 Josuha Guilavogui DM 101 6 (6) 2010-2014
0%
1232 Juan Falcón ST 21 4 (1) 2014-2015
0%
1453 Juan Fernando Quintero AM 12 1 (2) 2015-2016
0%
727 Juan Otero RW 51 3 (4) 2018-2020
0%
1754 Juan Pablo Pino RW 4 0 (0) 2014-2015
0%
1826 Jules Goda GK 3 0 (0) 2015-2016
0%
528 Jules Iloki RM 72 2 (5) 2014-2018
0%
1605 Julian Jeanvier CB 7 0 (0) 2012-2013
0%
90 Julian Palmieri LB 169 6 (15) 2012-2018
0%
1738 Julien Begue ST 4 0 (1) 2013-2014, 2015-2016
0%
1371 Julien Cardy DM 16 0 (0) 2014-2016
0%
1067 Julien Cétout RB 28 1 (2) 2016-2017
0%
758 Julien Faubert RB 48 3 (0) 2012-2015
0%
415 Julien Faussurier RB 87 5 (9) 2012-2013, 2019-2020
0%
14 Julien Féret AM 271 37 (48) 2010-2018
0%
1490 Julien Ielsch LB 11 0 (0) 2017-2018
0%
1034 Julien Quercia ST 29 6 (4) 2010-2013
0%
1991 Julien Remiti CB 1 0 (0) 2013-2014
0%
1653 Julien Romain ST 6 2 (0) 2014-2016
0%
343 Julien Sablé DM 96 0 (0) 2010-2014
0%
1622 Julien Serrano LB 7 0 (0) 2017-2019
0%
1506 Julien Toudic ST 11 0 (0) 2012-2013
0%
1541 Julien Vercauteren AM 9 0 (2) 2014-2015
0%
223 Julio Tavarès ST 120 31 (12) 2016-2020
0%
1847 Junior Joachim ST 2 0 (0) 2012-2013
0%
510 Junior Sambia RB 75 2 (7) 2017-2020
0%
606 Junior Tallo ST 62 11 (4) 2013-2016
0%
264 Jussiê AM 110 20 (6) 2010-2013, 2015-2016
0%
1267 Kaba Diawara ST 20 3 (1) 2010-2011
0%
1992 Kaj Sierhuis ST 1 0 (0) 2019-2020
0%
445 Kamel Chafni AM 83 5 (9) 2010-2013
0%
812 Kamel Ghilas CF 43 2 (3) 2010-2011, 2012-2014
0%
1009 Kanga Akalé LW 30 3 (2) 2010-2011
0%
1641 Kara Mbodj CB 6 0 (0) 2018-2019
0%
1983 Karim Achahbar AM 1 0 (0) 2014-2015
0%
825 Karim Aït-Fana LW 42 3 (6) 2010-2014
0%
796 Karim Azamoum CM 44 3 (1) 2015-2016, 2017-2018
0%
1949 Karim El Hany DM 1 0 (0) 2011-2012
0%
930 Karim Rekik CB 34 1 (1) 2015-2017
0%
371 Karl-Johan Johnsson GK 92 0 (2) 2016-2019
0%
491 Karl Toko Ekambi ST 76 26 (12) 2016-2017, 2019-2020
0%
1187 Kasper Dolberg ST 23 11 (3) 2019-2020
0%
579 Kassim Abdallah RB 64 0 (7) 2012-2015
0%
885 Keagan Dolly LW 37 1 (2) 2016-2020
0%
266 Kelvin Amian RB 110 1 (4) 2016-2020
0%
237 Kenny Lala RB 116 11 (14) 2011-2013, 2017-2020
0%
695 Kenny Tete RB 53 1 (7) 2017-2020
0%
1536 Kermit Erasmus ST 10 0 (0) 2015-2017
0%
590 Kévin Anin CM 64 1 (0) 2010-2013
0%
1954 Kévin Beauverger LB 1 0 (0) 2012-2013
0%
91 Kévin Bérigaud ST 169 27 (16) 2011-2018
0%
1338 Kévin Denkey ST 17 3 (1) 2019-2020
0%
1573 Kevin Koubemba ST 8 0 (0) 2014-2015
0%
777 Kévin Lejeune LM 46 1 (3) 2014-2015, 2016-2017
0%
1839 Kévin Malaga CB 2 0 (0) 2010-2012
0%
640 Kévin Malcuit RB 58 0 (9) 2010-2011, 2015-2018
0%
941 Kévin Mayi ST 33 3 (1) 2011-2012, 2015-2016, 2019-2020
0%
6 Kévin Monnet-Paquet LW 288 27 (22) 2010-2019
0%
852 Kévin N'Doram DM 40 0 (1) 2016-2020
0%
1709 Kévin Olimpa GK 5 0 (0) 2010-2011, 2013-2014
0%
1832 Kévin Rimane CB 3 0 (0) 2015-2016, 2017-2019
0%
1887 Kévin Soni ST 2 0 (0) 2015-2016
0%
701 Kevin Strootman CM 53 3 (8) 2018-2020
0%
42 Kévin Théophile-Catherine CB 203 4 (5) 2010-2018
0%
875 Kévin Zohi ST 38 2 (3) 2017-2020
0%
656 Khaled Adénon CB 57 0 (1) 2017-2019
0%
987 Khalid Boutaïb ST 31 6 (1) 2015-2016
0%
2071 Khalid Sekkat LB 1 0 (1) 2012-2013
0%
1043 Kian Hansen CB 29 0 (1) 2014-2015
0%
2022 Killian Sanson CM 1 0 (0) 2016-2017
0%
574 Kim Källström CM 65 3 (12) 2010-2012
0%
351 Koffi Djidji CB 95 1 (0) 2013-2019
0%
1022 Kolbeinn Sigthórsson ST 30 3 (0) 2015-2018
0%
949 Konstantinos Mitroglou ST 33 12 (0) 2017-2019
0%
341 Kossi Agassa GK 96 0 (0) 2012-2016
0%
1168 Kouadio-Yves Dabila CB 24 0 (0) 2017-2019
0%
1606 Kwame Nsor ST 7 0 (0) 2014-2015
0%
1002 Ladislas Douniama CF 31 2 (1) 2011-2012, 2013-2015
0%
1118 Lalaïna Nomenjanahary CM 26 1 (3) 2014-2015
0%
1262 Lamine Fomba DM 20 0 (0) 2019-2020
0%
251 Lamine Gassama RB 114 1 (4) 2010-2016
0%
1625 Lamine Ghezali RW 7 1 (0) 2016-2017, 2018-2019
0%
1465 Landry Bonnefoi GK 12 0 (0) 2012-2013, 2017-2018
0%
249 Landry N'Guemo DM 114 5 (5) 2010-2015
0%
1858 Larry Azouni CM 2 0 (0) 2013-2014
0%
1340 Larrys Mabiala CB 17 0 (0) 2010-2012
0%
646 Lars Jacobsen RB 57 1 (4) 2014-2016
0%
1520 Lass Bangoura RW 10 1 (1) 2015-2016
0%
1970 Laurent Abergel DM 1 0 (0) 2013-2014
0%
552 Laurent Batlles CM 68 8 (8) 2010-2012
0%
1543 Laurent Ciman CB 9 0 (0) 2018-2019
0%
553 Laurent Pionnier GK 68 0 (0) 2010-2017
0%
775 Lebogang Phiri CM 46 0 (0) 2017-2019
0%
542 Lebo Mothiba ST 70 18 (7) 2017-2020
0%
1908 Lemouya Goudiaby LB 2 0 (0) 2017-2018
0%
391 Lenny Nangis LW 89 5 (7) 2011-2012, 2014-2017
0%
2023 Lenny Pintor RW 1 0 (0) 2018-2019
0%
168 Léo Dubois RB 137 4 (19) 2014-2020
0%
1943 Lilian Bochet AM 1 0 (0) 2010-2011
0%
2056 Lilian Fournier RM 1 0 (0) 2017-2018
0%
605 Lindsay Rose CB 62 1 (1) 2012-2017
0%
1442 Lionel Cappone GK 13 0 (0) 2010-2013
0%
831 Lionel Carole LB 41 0 (3) 2018-2020
0%
1760 Lionel Létizi GK 4 0 (0) 2010-2011
0%
451 Lionel Mathis DM 82 0 (1) 2013-2016
0%
1004 Livio Nabab ST 30 4 (3) 2010-2012
0%
607 Lloyd Palun RB 62 1 (1) 2010-2015
0%
1482 Loïc Abenzoar RB 12 0 (0) 2010-2011
0%
1809 Loïc Mbe Soh CB 3 0 (0) 2018-2020
0%
16 Loïc Perrin CB 265 21 (9) 2010-2020
0%
692 Loïc Poujol DM 53 3 (1) 2010-2014
0%
1011 Loïc Puyo CM 30 2 (0) 2016-2018
0%
365 Loïs Diony ST 93 18 (12) 2016-2020
0%
2009 Lorenzo Callegari DM 1 0 (0) 2016-2017
0%
1225 Lorik Cana DM 21 0 (0) 2015-2016
0%
1177 Loris Benito CB 23 1 (0) 2019-2020
0%
595 Loris Néry RB 63 1 (1) 2010-2014
0%
295 Lossémy Karaboué CM 106 4 (10) 2011-2012, 2015-2016
0%
2038 Louis Carnot CM 1 0 (0) 2018-2019
0%
1373 Louis Poggi RM 15 0 (1) 2015-2016
0%
1753 Lovre Kalinic GK 4 0 (0) 2019-2020
0%
1000 Lucas Barrios ST 31 11 (3) 2014-2015
0%
1668 Lucas Buades RM 6 0 (0) 2019-2020
0%
1909 Lucas Da Cunha CM 2 0 (0) 2019-2020
0%
69 Lucas Deaux DM 185 10 (10) 2013-2020
0%
1416 Lucas Evangelista CM 14 1 (0) 2018-2019
0%
298 Lucas Lima LB 105 3 (9) 2016-2020
0%
838 Lucas Mareque LB 41 1 (3) 2011-2013
0%
137 Lucas Ocampos LW 147 22 (17) 2013-2015, 2017-2019
0%
1069 Lucas Orbán CB 27 0 (1) 2013-2014
0%
1742 Lucas Perrin CB 4 0 (0) 2019-2020
0%
1965 Lucas Rougeaux CB 1 0 (0) 2012-2013
0%
1684 Lucas Veronese GK 5 0 (0) 2013-2014
0%
2081 Luca Valls CM 1 0 (0) 2019-2020
0%
726 Ludovic Ajorque ST 51 17 (5) 2018-2020
0%
259 Ludovic Baal LB 112 0 (12) 2014-2020
0%
195 Ludovic Blas RW 127 11 (12) 2015-2020
0%
323 Ludovic Butelle GK 100 0 (0) 2015-2016, 2017-2020
0%
1890 Ludovic Genest AM 2 1 (0) 2013-2014
0%
715 Ludovic Giuly RW 52 5 (9) 2010-2011, 2012-2013
0%
1216 Luigi Bruins CM 22 1 (1) 2012-2014
0%
462 Luiz Araújo RW 80 10 (5) 2017-2020
0%
554 Luiz Gustavo DM 67 7 (2) 2017-2020
0%
667 Lukas Lerager CM 55 3 (2) 2017-2019
0%
1440 Lukas Pokorny CB 13 0 (0) 2016-2017
0%
1322 Lukman Haruna CM 17 0 (3) 2010-2011
0%
1864 Lyes Houri AM 2 0 (0) 2014-2016
0%
1907 Lyle Foster ST 2 0 (0) 2019-2020
0%
770 Lynel Kitambala ST 47 6 (7) 2010-2012
0%
2027 Maarten Stekelenburg GK 1 0 (0) 2014-2015
0%
1291 Maciej Rybus LB 19 0 (1) 2016-2017
0%
1911 Madih Talal AM 2 0 (0) 2019-2020
0%
864 Mads Albæk CM 39 2 (2) 2013-2015
0%
1222 Magno Novaes GK 22 0 (0) 2012-2014
0%
257 Majeed Waris CF 112 36 (18) 2013-2014, 2015-2016, 2018-2020
0%
1602 Maka Mary CB 7 0 (0) 2012-2013
0%
436 Malcom AM 84 20 (13) 2015-2018
0%
2086 Malick Seck ST 1 0 (0) 2014-2015
0%
1056 Malik Tchokounté ST 28 0 (2) 2018-2019
0%
1700 Mamadou Bagayoko ST 5 0 (0) 2010-2011
0%
1982 Mamadou Diallo LW 1 0 (0) 2013-2014
0%
1921 Mamadou Niang ST 2 0 (0) 2010-2011
0%
713 Mamadou Samassa ST 52 8 (1) 2010-2013
0%
741 Mamadou Samassa GK 50 0 (0) 2013-2015, 2017-2018
0%
1775 Manuel Cabit LB 3 0 (1) 2019-2020
0%
714 Maor Melikson RW 52 4 (7) 2012-2014
0%
159 Mapou Yanga-Mbiwa CB 140 4 (1) 2010-2012, 2015-2018
0%
1135 Marama Vahirua CF 25 5 (4) 2010-2011
0%
526 Marçal LB 72 0 (12) 2016-2020
0%
1233 Marc-Aurèle Caillard GK 21 0 (0) 2018-2019
0%
425 Marcelo CB 85 3 (2) 2017-2020
0%
618 Marcel Tisserand CB 61 1 (1) 2013-2017
0%
439 Marco Estrada DM 84 8 (12) 2010-2013
0%
1466 Marco Ilaimaharitra DM 12 0 (0) 2013-2014
0%
1132 Marco Ruben ST 25 1 (1) 2013-2014
0%
950 Marcos ST 33 3 (2) 2012-2013
0%
390 Marc Planus CB 89 2 (0) 2010-2015
0%
188 Marcus Coco LW 130 8 (10) 2014-2020
0%
225 Mariano RB 120 2 (8) 2011-2015
0%
494 Mario Balotelli ST 76 41 (2) 2016-2019
0%
668 Mario Lemina DM 55 2 (0) 2012-2016
0%
431 Mario Lička CM 84 3 (7) 2010-2013
0%
1353 Mario Pasalić CM 16 3 (0) 2015-2016
0%
1203 Mariusz Stepinski ST 22 4 (4) 2016-2018
0%
116 Marko Basa CB 157 11 (4) 2011-2017
0%
1185 Marlon CB 23 0 (0) 2017-2018
0%
1336 Marshall Munetsi CM 17 0 (2) 2019-2020
0%
134 Martin Braithwaite ST 150 39 (16) 2013-2018
0%
381 Martin Terrier LW 91 14 (6) 2016-2020
0%
1299 Marvin Gakpa CM 18 0 (0) 2014-2015, 2019-2020
0%
2028 Mateja Kežman ST 1 0 (0) 2010-2011
0%
490 Mateo Pavlovic CB 77 5 (1) 2016-2020
0%
1100 Matheus Dória CB 26 1 (0) 2016-2018
0%
441 Mathias Autret AM 83 5 (7) 2010-2012, 2014-2015, 2019-2020
0%
2011 Mathias Serin AM 1 0 (0) 2015-2016
0%
36 Mathieu Bodmer DM 215 16 (12) 2010-2020
0%
729 Mathieu Cafaro RW 51 8 (5) 2016-2017, 2018-2020
0%
461 Mathieu Coutadeur CM 80 4 (3) 2010-2015
0%
128 Mathieu Debuchy RB 151 16 (9) 2010-2012, 2015-2016, 2017-2020
0%
191 Mathieu Deplagne RB 128 0 (5) 2012-2018
0%
46 Mathieu Dossevi RW 202 16 (27) 2010-2013, 2017-2020
0%
1008 Mathieu Duhamel ST 30 10 (0) 2014-2015
0%
1752 Mathieu Gonçalves LB 4 0 (0) 2019-2020
0%
1483 Mathieu Gorgelin GK 12 0 (0) 2013-2014, 2015-2019
0%
1012 Mathieu Michel GK 30 0 (0) 2016-2018
0%
97 Mathieu Peybernes CB 166 1 (3) 2010-2017
0%
1042 Mathieu Valverde GK 29 0 (0) 2010-2011
0%
1591 Mattéo Guendouzi CM 8 0 (0) 2016-2017
0%
1976 Matthias Llambrich DM 1 0 (0) 2012-2013
0%
1750 Matthias Phaëton LW 4 0 (0) 2018-2019
0%
813 Matthieu Chalmé RB 43 0 (0) 2010-2014
0%
1064 Matthieu Dreyer GK 28 0 (0) 2010-2011, 2015-2017
0%
1635 Matthieu Sans CB 6 0 (0) 2012-2013
0%
830 Matthieu Saunier CB 42 0 (0) 2012-2013, 2015-2016
0%
1210 Matthieu Udol LB 22 0 (1) 2016-2017, 2019-2020
0%
1578 Matt Miazga CB 8 0 (0) 2018-2019
0%
580 Matz Sels GK 64 0 (0) 2018-2020
0%
1144 Maurice Dalé ST 25 3 (4) 2016-2017
0%
1194 Mauricio Isla RB 23 2 (1) 2015-2016
0%
1547 Mauro Arambarri CM 9 0 (1) 2015-2017
0%
971 Mauro Cetto CB 32 4 (0) 2010-2012
0%
1242 Mauro Goicoechea GK 21 0 (0) 2015-2016, 2018-2020
0%
1586 Maxence Caqueret CM 8 0 (1) 2019-2020
0%
2082 Maxence Rivera LW 1 0 (0) 2019-2020
0%
62 Max Gradel LW 187 53 (25) 2011-2014, 2017-2020
0%
244 Maxime Baca RB 115 0 (4) 2010-2016
0%
268 Maxime Barthelmé LM 109 3 (14) 2011-2017
0%
1934 Maxime Blanc CM 1 0 (0) 2013-2014
0%
1778 Maxime Bourgeois LW 3 0 (0) 2010-2011
0%
1297 Maxime Colin RB 18 0 (0) 2012-2013
0%
786 Maxime Dupé GK 45 0 (0) 2013-2019
0%
1504 Maxime Josse CB 11 0 (1) 2010-2011
0%
577 Maxime Le Marchand CB 65 1 (3) 2015-2018
0%
1885 Maxime Pélican ST 2 0 (0) 2018-2019
0%
302 Maxime Poundjé LB 104 1 (6) 2012-2020
0%
1800 Maxime Spano CB 3 0 (0) 2014-2015
0%
138 Maxwel Cornet LW 147 29 (17) 2014-2020
0%
303 M'Baye Niang ST 104 30 (9) 2010-2011, 2013-2014, 2018-2020
0%
330 Mehdi Abeid CM 98 7 (5) 2016-2020
0%
1488 Mehdi Courgnaud RW 11 0 (2) 2011-2012
0%
1865 Mehdi Fennouche LW 2 0 (0) 2013-2014
0%
1556 Mehdi Merghem RW 9 0 (1) 2018-2019
0%
74 Mehdi Mostefa DM 181 8 (7) 2011-2017
0%
1415 Mehdi Tahrat CB 14 0 (0) 2016-2018
0%
578 Mehdi Zeffane RB 64 2 (2) 2013-2019
0%
2049 Melvin Bard LB 1 0 (0) 2019-2020
0%
2017 Metehan Güclü ST 1 1 (0) 2018-2019
0%
67 Mevlüt Erdinç ST 185 53 (14) 2010-2017
0%
164 Mexer CB 139 5 (3) 2014-2020
0%
803 Michaël Chrétien RB 43 0 (0) 2010-2011, 2016-2017
0%
398 Michaël Ciani CB 88 7 (2) 2010-2012, 2016-2017
0%
1379 Michael Frey ST 15 2 (1) 2014-2015
0%
563 Michel Bastos LM 66 16 (13) 2010-2013
0%
1045 Mickaël Alphonse RB 28 1 (1) 2018-2020
0%
1604 Mickaël Firmin CB 7 0 (0) 2011-2012
0%
1071 Mickaël Le Bihan ST 27 5 (3) 2015-2020
0%
1654 Mickaël Leca LB 6 0 (0) 2013-2014
0%
1730 Mickaël Malsa DM 4 0 (1) 2013-2014
0%
2042 Mickaël Nadé CB 1 0 (0) 2016-2017
0%
2013 Mickaël Panos DM 1 0 (0) 2018-2019
0%
1560 Mickaël Poté ST 9 0 (0) 2010-2012
0%
293 Mickaël Tacalfred CB 106 0 (1) 2012-2016
0%
1279 Miguel Trauco LB 19 1 (2) 2019-2020
0%
1051 Mihailo Ristic LB 28 1 (2) 2018-2020
0%
1712 Mihai Roman RW 5 0 (0) 2013-2014
0%
1050 Milan Gajic RB 28 1 (1) 2015-2019
0%
1304 Milos Krasic RW 18 2 (0) 2013-2014
0%
968 Milos Ninkovic AM 32 1 (3) 2012-2013, 2014-2015
0%
2008 Mitchel Bakker LB 1 0 (0) 2019-2020
0%
1808 Moataz Zemzemi CM 3 0 (0) 2018-2020
0%
437 Modibo Maïga ST 84 33 (6) 2010-2011, 2014-2015
0%
1207 Modou Diagne CB 22 1 (0) 2016-2017
0%
566 Modou Sougou RW 66 6 (12) 2012-2015
0%
1010 Mohamed Larbi AM 30 8 (3) 2015-2016
0%
1548 Mohamed Mara LW 9 0 (1) 2016-2017
0%
594 Mohamed Yattara ST 63 6 (5) 2012-2013, 2014-2016
0%
1608 Mohammed Abu DM 7 0 (0) 2012-2013
0%
691 Mohammed Rabiu DM 54 2 (4) 2011-2014
0%
1028 Moïse Brou Apanga CB 30 0 (0) 2010-2011
0%
1406 Molla Wagué CB 14 1 (0) 2011-2012, 2019-2020
0%
1859 Momar Bangoura DM 2 0 (0) 2011-2012
0%
1581 Moreto Cassamá CM 8 0 (1) 2018-2020
0%
2065 Morgan De Sanctis GK 1 0 (0) 2016-2017
0%
1615 Morgan Poaty LB 7 0 (0) 2016-2019
0%
39 Morgan Sanson CM 208 33 (30) 2013-2020
0%
933 Mouctar Diakhaby CB 34 2 (2) 2016-2018
0%
747 Mouez Hassen GK 49 0 (0) 2013-2016
0%
412 Mouhamadou Dabo RB 87 0 (3) 2011-2017
0%
1258 Mounir Chouiar LW 20 4 (0) 2019-2020
0%
380 Mounir Obbadi CM 91 6 (5) 2012-2013, 2015-2017
0%
687 Moussa Doumbia LW 54 5 (2) 2018-2020
0%
1370 Moussa Maazou ST 16 1 (0) 2010-2011
0%
923 Moussa Niakhaté CB 35 0 (1) 2017-2018
0%
2020 Moussa Seydi LW 1 0 (0) 2016-2017
0%
685 Moussa Sow ST 54 31 (6) 2010-2012
0%
1167 Moussa Sylla ST 24 2 (1) 2017-2020
0%
1705 Moussa Wagué RB 5 0 (2) 2019-2020
0%
196 Moustapha Sall CB 127 5 (1) 2010-2016
0%
129 Mustapha Diallo DM 151 14 (7) 2013-2019
0%
603 Mustapha Yatabaré ST 63 15 (8) 2013-2016
0%
493 Nabil Dirar RB 76 6 (15) 2013-2017
0%
1850 Naby-Moussa Yattara GK 2 0 (0) 2010-2011
0%
1789 Nadjib Baouia RW 3 0 (0) 2012-2014
0%
449 Naïm Sliti LW 82 11 (12) 2016-2019
0%
1732 Najib Gandi AM 4 0 (0) 2017-2018
0%
1530 Nathaël Julan ST 10 0 (0) 2018-2019
0%
1986 Nathan AM 1 0 (0) 2017-2018
0%
1507 Nathanaël Mbuku LW 11 0 (0) 2019-2020
0%
1923 Nathan Ngoumou RW 2 0 (0) 2018-2020
0%
1382 Nathan Sinkala DM 15 0 (0) 2013-2014
0%
1134 Nayef Aguerd CB 25 4 (0) 2018-2020
0%
638 Neal Maupay ST 59 7 (4) 2012-2016
0%
1771 Neeskens Kebano LW 3 0 (0) 2010-2011
0%
326 Nemanja Pejcinovic CB 100 6 (3) 2010-2014
0%
869 Nemanja Radonjić LW 38 5 (1) 2018-2020
0%
1819 Nenad Dzodic CB 3 0 (0) 2010-2011
0%
1352 Nenad Kovačević DM 16 0 (0) 2010-2011
0%
820 Neven Subotic CB 42 3 (0) 2017-2019
0%
1662 Ngonda Muzinga LB 6 0 (0) 2019-2020
0%
1624 Nicholas Opoku CB 7 0 (0) 2019-2020
0%
1289 Nicki Bille ST 19 1 (0) 2014-2015
0%
1767 Nico Gaitán AM 4 0 (0) 2019-2020
0%
1437 Nicolaj Thomsen AM 13 1 (0) 2016-2017
0%
1661 Nicolas Basin LB 6 1 (0) 2016-2018
0%
187 Nicolas Benezet LW 130 18 (13) 2013-2019
0%
1643 Nicolás Blandi ST 6 1 (0) 2014-2015
0%
1060 Nicolas Cozza LB 28 1 (2) 2017-2020
0%
37 Nicolas de Préville ST 213 45 (28) 2012-2020
0%
1421 Nicolas Farina RW 14 0 (0) 2011-2012
0%
1184 Nicolas Fauvergue ST 23 2 (0) 2012-2013
0%
367 Nicolas Isimat-Mirin CB 93 2 (2) 2010-2013, 2019-2020
0%
1503 Nicolas Janvier CM 11 0 (0) 2015-2019
0%
2010 Nicolas Lemaître GK 1 0 (0) 2019-2020
0%
66 Nicolas Maurice-Belay LM 185 13 (21) 2010-2016
0%
40 Nicolas N'Koulou CB 205 5 (0) 2010-2017
0%
101 Nicolas Pallois CB 165 5 (4) 2010-2011, 2014-2020
0%
155 Nicolas Penneteau GK 142 0 (1) 2010-2014
0%
1459 Nicolas Saint-Ruf CB 12 0 (1) 2016-2017
0%
156 Nicolas Seube DM 141 3 (4) 2010-2011, 2014-2017
0%
785 Niklas Hult LB 45 2 (1) 2014-2016
0%
842 Nill De Pauw RW 41 4 (2) 2015-2017
0%
1546 Nolan Mbemba DM 9 0 (0) 2015-2016, 2018-2019
0%
9 Nolan Roux ST 276 73 (27) 2010-2020
0%
1877 Nordine Aït Yahia RB 2 0 (0) 2013-2014
0%
1251 Nuke Mfulu DM 20 0 (1) 2014-2016
0%
288 Odaïr Fortes RW 107 8 (11) 2012-2016
0%
1357 Odsonne Edouard ST 16 1 (0) 2016-2017
0%
307 Ola Toivonen ST 104 21 (5) 2013-2018
0%
503 Ole Selnæs DM 75 0 (7) 2015-2019
0%
1350 Olivier Auriac DM 16 0 (0) 2015-2016
0%
1734 Olivier Blondel GK 4 0 (0) 2012-2013
0%
1399 Olivier Kapo AM 15 4 (0) 2011-2012
0%
1735 Olivier Kemen CM 4 0 (0) 2015-2017
0%
2059 Olivier Monterrubio LW 1 0 (0) 2010-2011
0%
173 Olivier Sorlin DM 136 3 (7) 2011-2015
0%
697 Olivier Veigneau LB 53 0 (3) 2013-2016
0%
2043 Olivier Verdon CB 1 0 (0) 2017-2018
0%
780 Omar Daf RB 46 1 (0) 2010-2013
0%
1294 Omar Kossoko RW 19 0 (1) 2011-2012
0%
1940 Omar Wade ST 1 0 (0) 2010-2011
0%
1916 Onanga Itoua CB 2 0 (0) 2010-2011
0%
1190 Onyekachi Apam CB 23 0 (0) 2011-2013
0%
299 Opa Nguette LW 105 10 (6) 2012-2013, 2016-2017, 2019-2020
0%
612 Oscar Ewolo CM 62 0 (0) 2010-2012
0%
199 Oscar Trejo AM 126 12 (13) 2013-2017
0%
154 Oswaldo Vizcarrondo CB 142 3 (1) 2013-2018
0%
474 Otávio DM 79 2 (5) 2017-2020
0%
888 Oualid El Hajjam RB 37 1 (1) 2017-2019
0%
1905 Oumar Solet CB 2 0 (0) 2018-2020
0%
479 Oussama Haddadi CB 78 3 (5) 2016-2019
0%
942 Oussama Tannane AM 33 3 (3) 2015-2018
0%
1469 Pablo Barzola RB 12 0 (0) 2010-2011
0%
616 Pablo Chavarría ST 61 12 (5) 2014-2015, 2018-2019
0%
388 Pantxi Sirieix CM 90 4 (4) 2010-2017
0%
1626 Paolo De Ceglie LB 7 0 (0) 2015-2016
0%
1917 Papa Ndiaga Yade LW 2 0 (0) 2019-2020
0%
1446 Pape Cheikh CM 13 0 (0) 2017-2019
0%
1155 Pape Diakhaté CB 24 1 (0) 2010-2011
0%
466 Pape Souaré LB 79 3 (1) 2010-2015
0%
366 Papy Djilobodji CB 93 3 (1) 2013-2014, 2017-2019
0%
1253 Pascal Berenguer DM 20 4 (1) 2010-2012
0%
1707 Pascal Feindouno RW 5 0 (0) 2010-2011
0%
688 Patrick Burner RB 54 1 (1) 2016-2020
0%
1955 Patrick Fradj RB 1 0 (0) 2014-2015
0%
895 Paul Alo'o Efoulou ST 37 5 (1) 2010-2013
0%
1898 Paul-André Guerin GK 2 0 (0) 2015-2016
0%
1532 Paulão CB 10 1 (0) 2011-2012
0%
81 Paul Baysse CB 174 7 (2) 2010-2012, 2014-2019
0%
435 Paul Bernardoni GK 84 0 (0) 2015-2016, 2018-2020
0%
1956 Paul Charruau GK 1 0 (0) 2016-2017
0%
1563 Paul Delecroix GK 9 0 (0) 2016-2017, 2019-2020
0%
410 Paul-Georges Ntep LW 87 19 (15) 2013-2018
0%
1418 Paulin Puel ST 14 0 (0) 2013-2016
0%
23 Paul Lasne CM 244 14 (11) 2011-2020
0%
1852 Paul Nardi GK 2 0 (0) 2015-2016
0%
652 Paulo Machado CM 57 7 (5) 2010-2012
0%
1785 Paul Reulet GK 3 0 (0) 2016-2017
0%
273 Pavle Ninkov RB 109 1 (5) 2011-2017
0%
989 Pedrinho RB 31 1 (1) 2011-2015
0%
2063 Pedro Brazão RW 1 0 (0) 2018-2019
0%
540 Pedro Henrique RW 70 5 (6) 2014-2017
0%
648 Pedro Rebocho LB 57 0 (10) 2017-2019
0%
1191 Péguy Luyindula ST 23 0 (1) 2010-2011
0%
1599 Pelé DM 8 0 (1) 2018-2019
0%
1822 Percy Prado RB 3 0 (0) 2019-2020
0%
957 Petar Skuletic ST 33 1 (2) 2018-2020
0%
1568 Petrus Boumal DM 8 0 (1) 2011-2012, 2013-2014
0%
1026 Petter Hansson CB 30 0 (0) 2010-2011
0%
1477 Philipp Hosiner ST 12 0 (1) 2014-2015
0%
1521 Pierre Ducasse DM 10 0 (0) 2010-2011
0%
1989 Pierre-François Moracchini AM 1 0 (0) 2013-2014
0%
215 Pierre Lees-Melou DM 122 19 (16) 2016-2020
0%
1021 Pierre Neurath Bengtsson LB 30 1 (2) 2016-2017
0%
1790 Pierre-Yves Hamel ST 3 1 (0) 2016-2017
0%
793 Pierre-Yves Polomat LB 44 0 (2) 2015-2016, 2018-2019
0%
166 Pierrick Capelle CM 138 12 (7) 2015-2020
0%
1007 Pierrick Cros GK 30 0 (0) 2010-2014
0%
1945 Pierrick Cros CB 1 0 (0) 2011-2012
0%
866 Pierrick Valdivia CM 39 1 (1) 2014-2015, 2018-2020
0%
1660 Pietro Pellegri ST 6 1 (0) 2017-2019
0%
1076 Predrag Rajković GK 27 0 (0) 2019-2020
0%
1039 Préjuce Nakoulma ST 29 9 (0) 2016-2018
0%
571 Prince Gouano CB 65 1 (0) 2017-2020
0%
126 Prince Oniangué DM 153 23 (5) 2013-2019
0%
1278 Prince Segbefia CM 19 0 (0) 2010-2012
0%
1634 Quentin Bernard LB 7 0 (0) 2016-2017
0%
1951 Quentin Beunardeau GK 1 0 (0) 2017-2018
0%
1109 Quentin Boisgard CM 26 1 (1) 2017-2018, 2019-2020
0%
922 Quentin Cornette RW 35 1 (4) 2015-2016, 2017-2020
0%
2035 Quentin Depehi ST 1 0 (0) 2016-2017
0%
1881 Quentin Lecoeuche LM 2 0 (0) 2014-2015
0%
855 Quentin Othon DM 40 1 (0) 2012-2013, 2015-2016
0%
1882 Quentin Westberg GK 2 0 (0) 2011-2012
0%
1933 Rachid Aliaoui AM 1 0 (0) 2010-2011
0%
480 Rachid Alioui ST 78 13 (2) 2013-2014, 2018-2020
0%
253 Rachid Ghezzal RW 113 13 (19) 2012-2013, 2014-2018
0%
1107 Racine Coly LB 26 1 (1) 2017-2020
0%
312 Rafael RB 103 2 (8) 2015-2020
0%
1628 Rafael CB 7 0 (0) 2010-2012
0%
630 Rafidine Abdullah DM 60 1 (1) 2012-2016
0%
1894 Rafik Guitane RW 2 0 (0) 2019-2020
0%
1997 Raïs M'Bolhi GK 1 0 (0) 2017-2018
0%
1674 Rajiv van La Parra LW 6 0 (0) 2010-2011
0%
2006 Raoul Bellanova RM 1 0 (0) 2019-2020
0%
1268 Rayan Aït-Nouri LB 20 0 (3) 2018-2020
0%
2076 Rayan Philippe RW 1 0 (0) 2019-2020
0%
1995 Rayan Souici DM 1 0 (0) 2017-2018
0%
567 Razak Boukari RW 66 10 (3) 2010-2011, 2013-2014
0%
311 Régis Gurtner GK 103 0 (0) 2017-2020
0%
1280 Reinildo Mandava LB 19 0 (0) 2018-2020
0%
1937 Rémi Elissalde DM 1 0 (0) 2010-2011
0%
1328 Remi Mulumba DM 17 0 (0) 2010-2012, 2015-2016
0%
600 Rémi Oudin AM 63 14 (7) 2018-2020
0%
514 Rémi Walter CM 74 3 (2) 2015-2020
0%
25 Rémy Cabella AM 240 50 (35) 2010-2013, 2015-2019
0%
228 Rémy Riou GK 119 0 (0) 2013-2017
0%
68 Rémy Vercoutre GK 185 0 (0) 2010-2018
0%
148 Renato Civelli CB 144 13 (7) 2010-2012, 2015-2017
0%
18 Renaud Cohade CM 256 16 (31) 2010-2017, 2019-2020
0%
1645 Renaud Emond ST 6 0 (0) 2019-2020
0%
609 Renaud Ripart RW 62 12 (6) 2018-2020
0%
829 Rene Krhin DM 42 1 (0) 2017-2020
0%
373 Reynald Lemaître LB 92 2 (7) 2010-2011, 2013-2016
0%
1489 Ricardo Kishna LW 11 0 (0) 2016-2017
0%
1208 Richard Socrier ST 22 2 (1) 2011-2012
0%
1128 Richard Soumah LB 25 0 (1) 2010-2013
0%
1058 Ricky van Wolfswinkel ST 28 5 (3) 2014-2015
0%
1090 Rincón CB 27 0 (0) 2012-2013, 2015-2016
0%
1722 Riza Durmisi LB 4 0 (0) 2019-2020
0%
456 Robert Beric ST 81 26 (3) 2015-2020
0%
1975 Robin Maulun AM 1 0 (0) 2015-2016
0%
1101 Rodéric Filippi CB 26 2 (1) 2015-2016
0%
93 Rod Fanni RB 168 6 (10) 2010-2014, 2016-2017
0%
384 Rolando CB 90 6 (0) 2015-2019
0%
1876 Romain Achilli LB 2 0 (0) 2013-2014
0%
314 Romain Alessandrini RW 103 24 (20) 2012-2017
0%
2062 Romain Armand ST 1 0 (0) 2010-2011
0%
28 Romain Danzé RB 236 3 (13) 2010-2018
0%
710 Romain Del Castillo RW 52 2 (8) 2015-2016, 2018-2020
0%
2058 Romain Faivre RM 1 0 (0) 2018-2019
0%
136 Romain Genevois CB 148 2 (4) 2012-2019
0%
1246 Romain Grange AM 20 2 (2) 2012-2013
0%
8 Romain Hamouma RW 277 53 (50) 2010-2020
0%
1247 Romain Inez CB 20 0 (2) 2010-2011
0%
857 Romain Métanire RB 39 0 (0) 2014-2015, 2018-2019
0%
1237 Romain Perraud LB 21 0 (1) 2017-2018, 2019-2020
0%
310 Romain Philippoteaux LM 103 9 (8) 2014-2016, 2019-2020
0%
665 Romain Pitau DM 56 0 (3) 2010-2013
0%
560 Romain Poyet RW 67 6 (9) 2010-2012
0%
1266 Romain Rocchi DM 20 0 (1) 2010-2011, 2014-2015
0%
921 Romain Saïss CB 35 2 (2) 2015-2016
0%
1693 Romain Salin GK 5 0 (0) 2016-2017, 2019-2020
0%
1935 Romain Sartre CB 1 0 (0) 2010-2011
0%
628 Romaric DM 60 4 (2) 2013-2015
0%
1652 Rominigue Kouamé CM 6 0 (1) 2017-2018
0%
863 Ronaël Pierre-Gabriel RB 39 0 (0) 2015-2019
0%
1013 Ronald Zubar CB 30 2 (1) 2012-2014
0%
2055 Ronan Le Crom GK 1 0 (0) 2012-2013
0%
1423 Ronnie Schwartz ST 14 2 (1) 2014-2015
0%
44 Ronny Rodelin RW 203 29 (17) 2011-2019
0%
221 Roy Contout RW 121 13 (15) 2010-2014
0%
468 Ruben Aguilar RB 79 1 (8) 2017-2020
0%
1567 Ruben Gabrielsen CB 8 0 (0) 2019-2020
0%
1676 Rubén Pardo CM 6 1 (0) 2019-2020
0%
1525 Rudy Haddad AM 10 0 (0) 2011-2012
0%
972 Rudy Riou GK 32 0 (0) 2014-2015
0%
1321 Rui Fonte ST 18 1 (0) 2018-2019
0%
902 Rúnar Alex Rúnarsson GK 36 0 (0) 2018-2020
0%
15 Ryad Boudebouz AM 269 40 (54) 2010-2016, 2019-2020
0%
440 Saber Khalifa ST 84 18 (10) 2011-2014
0%
1979 Sacha Bastien GK 1 0 (0) 2014-2015
0%
599 Sada Thioub RW 63 4 (7) 2014-2015, 2018-2020
0%
242 Sadio Diallo AM 115 8 (8) 2012-2017
0%
1033 Saïd Benrahma LW 29 4 (2) 2013-2016
0%
1422 Saidi Ntibazonkiza AM 14 1 (0) 2015-2016
0%
1230 Saidy Janko RB 21 0 (0) 2017-2018
0%
515 Saîf-Eddine Khaoui AM 74 8 (2) 2016-2020
0%
1611 Salim Arrache LW 7 2 (0) 2013-2014
0%
562 Salomon Kalou LW 67 30 (8) 2012-2015
0%
963 Saman Ghoddos AM 32 5 (4) 2018-2020
0%
868 Samba Diakité DM 38 0 (0) 2010-2012
0%
1538 Samba Sow DM 10 0 (0) 2010-2011
0%
405 Sambou Yatabaré CM 88 5 (10) 2010-2011, 2012-2015
0%
1912 Sami Ben Amar ST 2 0 (0) 2019-2020
0%
1985 Sami Larabi CB 1 0 (0) 2014-2015
0%
1936 Samuel Atrous GK 1 0 (0) 2014-2015
0%
690 Samuel Bouhours LB 54 0 (2) 2011-2013
0%
455 Samuel Grandsir RW 81 6 (7) 2015-2016, 2017-2020
0%
1719 Samuel Inkoom RB 4 0 (0) 2012-2013
0%
841 Samuel Kalu RW 41 4 (3) 2018-2020
0%
711 Samuel Moutoussamy CM 52 2 (3) 2017-2020
0%
740 Samuel Souprayen CB 50 0 (1) 2010-2012
0%
1324 Sanaa Altama DM 17 0 (0) 2011-2012
0%
2068 Sanasi Sy LB 1 0 (0) 2018-2019
0%
290 Sanjin Prcic CM 106 5 (5) 2013-2014, 2016-2020
0%
1389 Santiago Gentiletti CB 15 2 (0) 2011-2012
0%
1433 Santy Ngom ST 13 1 (0) 2017-2018
0%
1627 Sebastián Dubarbier LB 7 0 (0) 2010-2012
0%
1670 Sébastien Chabbert GK 6 0 (0) 2010-2011
0%
49 Sébastien Corchia RB 200 8 (16) 2011-2017
0%
1675 Sébastien Grax ST 6 1 (1) 2012-2013
0%
1286 Sébastien Piocelle DM 19 0 (0) 2010-2011
0%
426 Sébastien Puygrenier CB 85 10 (2) 2010-2013
0%
254 Sébastien Roudet AM 113 9 (17) 2010-2014
0%
1795 Sébastien Salles-Lamonge CM 3 0 (0) 2015-2016
0%
340 Sébastien Squillaci CB 97 5 (2) 2013-2017
0%
1913 Sébastien Wüthrich AM 2 0 (0) 2014-2016
0%
1733 Sekou Baradji DM 4 0 (0) 2011-2012, 2017-2018
0%
2087 Serdar Gürler LW 1 0 (0) 2011-2012
0%
276 Serge Gakpé RW 108 14 (9) 2010-2011, 2013-2014, 2017-2018
0%
1545 Serge N'Guessan CM 9 0 (0) 2016-2017
0%
1326 Sergey Chernik GK 17 0 (0) 2016-2017
0%
1217 Sergey Krivets AM 22 1 (2) 2014-2015
0%
705 Sergi Darder CM 52 3 (3) 2015-2018
0%
1861 Sergio Rico GK 2 0 (0) 2019-2020
0%
990 Sergi Palencia RB 31 0 (3) 2018-2020
0%
1875 Sessi D'Almeida DM 2 0 (0) 2014-2015
0%
1621 Seydou Sy GK 7 0 (0) 2016-2019
0%
1384 Sheyi Ojo RW 15 0 (0) 2018-2019
0%
908 Sidney Govou RW 36 1 (3) 2011-2013
0%
882 Simon Falette CB 37 3 (2) 2011-2012, 2016-2018
0%
569 Simon Kjaer CB 66 1 (1) 2013-2015
0%
632 Simon Pouplin GK 60 0 (0) 2012-2016
0%
1557 Simon Zenke RW 9 1 (1) 2012-2013
0%
177 Sloan Privat ST 134 30 (6) 2011-2018
0%
822 Sofiane Alakouch RB 42 1 (1) 2018-2020
0%
805 Sofiane Boufal LW 43 14 (10) 2014-2016
0%
428 Somália CM 84 1 (3) 2015-2018
0%
1866 Søren Larsen ST 2 0 (0) 2010-2011
0%
1551 Sory Kaba ST 9 0 (0) 2018-2019
0%
706 Soualiho Meïté DM 52 1 (2) 2011-2012, 2013-2015, 2017-2018
0%
1441 Souleyman Doumbia LB 13 0 (1) 2018-2020
0%
349 Souleymane Diawara CB 95 3 (1) 2010-2015
0%
1017 Stanley Nsoki CB 30 0 (1) 2017-2020
0%
1794 Stanley Segarel ST 3 0 (0) 2018-2019
0%
283 Steed Malbranque CM 107 6 (9) 2011-2017
0%
350 Steeve Elana GK 95 0 (0) 2010-2013
0%
874 Steeven Langil LW 38 2 (2) 2010-2011, 2013-2014
0%
211 Steeve Yago RB 122 0 (2) 2012-2018
0%
2032 Stefan Bajic GK 1 0 (0) 2019-2020
0%
647 Stefan Mitrovic CB 57 1 (1) 2018-2020
0%
1639 Ștefan Popescu LB 6 0 (0) 2013-2014
0%
1079 Stef Peeters CM 27 0 (2) 2017-2019
0%
861 Stephan Andersen GK 39 0 (1) 2011-2013
0%
361 Stéphane Bahoken ST 94 24 (3) 2010-2012, 2017-2020
0%
898 Stéphane Dalmat CM 37 2 (2) 2010-2012
0%
457 Stéphane Darbion LM 80 8 (9) 2012-2013, 2015-2016, 2017-2018
0%
1456 Stéphane Dumont DM 12 0 (0) 2010-2011
0%
645 Stéphane Grichting CB 58 0 (0) 2010-2012
0%
1403 Stephan El Shaarawy LW 15 0 (0) 2015-2016
0%
766 Stéphane Mbia DM 47 3 (2) 2010-2012, 2018-2019
0%
655 Stéphane Sessègnon AM 57 3 (6) 2010-2011, 2016-2018
0%
1470 Stéphane Sparagna CB 12 0 (0) 2014-2016
0%
1726 Stéphan Raheriharimanana CM 4 0 (0) 2015-2016
0%
1158 Stephy Mavididi LW 24 5 (1) 2019-2020
0%
967 Stevan Jovetić CF 32 12 (3) 2017-2020
0%
886 Steve Mounié ST 37 14 (3) 2015-2017
0%
1475 Steven Fletcher ST 12 2 (2) 2015-2016
0%
1697 Steven Fortes CB 5 0 (0) 2017-2019
0%
1539 Steven Joseph-Monrose ST 10 0 (0) 2010-2011
0%
255 Steven Moreira RB 113 0 (5) 2012-2016, 2018-2020
0%
1762 Steven Mouyokolo CB 4 0 (0) 2011-2012
0%
1200 Steven Paulle CB 22 1 (0) 2011-2012
0%
693 Stiven Mendoza LW 53 9 (2) 2017-2020
0%
742 Stoppila Sunzu CB 50 5 (0) 2013-2014, 2015-2016, 2019-2020
0%
914 Syam Ben Youssef CB 35 3 (1) 2015-2017
0%
79 Sylvain Armand LB 176 5 (6) 2010-2017
0%
347 Sylvain Marchal CB 95 3 (0) 2010-2012, 2014-2015
0%
644 Sylvain Marveaux AM 58 7 (13) 2010-2011, 2014-2015, 2016-2017
0%
998 Sylvain Monsoreau CB 31 0 (0) 2010-2011
0%
979 Tae-hee Nam AM 31 0 (4) 2010-2012
0%
1669 Tanguy Nianzou CB 6 2 (0) 2019-2020
0%
1015 Taye Taiwo LB 30 4 (4) 2010-2011
0%
1740 Taylor Moore CB 4 0 (1) 2014-2015
0%
1405 Teddy Mezague CB 14 0 (1) 2012-2014
0%
781 Teddy Richert GK 46 0 (0) 2010-2012
0%
1781 Terence Kongolo CB 3 0 (0) 2017-2018
0%
2007 Théo Guivarch GK 1 0 (0) 2016-2017
0%
818 Théo Pellenard CB 42 0 (1) 2013-2014, 2016-2020
0%
1922 Théophile N'Tamé CB 2 0 (0) 2010-2011
0%
1759 Théo Sainte-Luce LB 4 0 (0) 2018-2020
0%
698 Théo Valls CM 53 1 (2) 2018-2020
0%
610 Thiago Maia DM 62 0 (1) 2017-2020
0%
910 Thiago Xavier DM 36 2 (1) 2012-2013, 2015-2016
0%
313 Thibault Giresse LM 103 10 (7) 2013-2018
0%
1330 Thibault Moulin CM 17 0 (1) 2010-2011
0%
1825 Thibaut Vargas RB 3 0 (0) 2019-2020
0%
1305 Thibaut Vion RB 18 2 (1) 2014-2015, 2016-2017
0%
1311 Thierry Ambrose ST 18 0 (0) 2019-2020
0%
1918 Thierry Debès GK 2 0 (0) 2011-2012
0%
873 Thierry Doubai DM 38 3 (1) 2011-2014
0%
1046 Thievy Bifouma LW 28 6 (1) 2015-2017
0%
689 Thomas Ayasse DM 54 3 (1) 2010-2011, 2012-2013, 2015-2016
0%
1550 Thomas Basila CB 9 0 (0) 2018-2020
0%
1773 Thomas Bosmel GK 3 0 (0) 2010-2011
0%
2053 Thomas Carrique RB 1 0 (0) 2017-2018
0%
1348 Thomas Delaine LB 16 0 (0) 2019-2020
0%
847 Thomas Didillon-Hödl GK 40 0 (0) 2016-2018
0%
637 Thomas Foket RB 59 0 (1) 2018-2020
0%
1632 Thomas Fontaine CB 7 0 (1) 2018-2019
0%
848 Thomas Guerbert AM 40 2 (6) 2011-2012, 2013-2014
0%
555 Thomas Heurtaux CB 67 5 (0) 2010-2012
0%
1329 Thomas Kahlenberg CM 17 2 (5) 2011-2012
0%
26 Thomas Mangani CM 237 16 (28) 2010-2012, 2015-2020
0%
417 Thomas Monconduit DM 86 1 (4) 2017-2020
0%
1683 Thomas Vincensini GK 5 0 (0) 2015-2017
0%
1588 Tiago Djaló CB 8 0 (0) 2019-2020
0%
1461 Tiago Ilori CB 12 1 (0) 2014-2015
0%
2016 Till Cissokho CB 1 0 (0) 2018-2019
0%
1529 Timo Stavitski RW 10 0 (0) 2017-2019
0%
1855 Timothée Dieng DM 2 0 (0) 2012-2013
0%
186 Timothée Kolodziejczak CB 131 5 (10) 2010-2013, 2018-2020
0%
2014 Timothée Taufflieb CM 1 0 (0) 2015-2016
0%
1593 Timothé Nkada ST 8 0 (0) 2019-2020
0%
1099 Tobias Badila LB 26 1 (0) 2016-2017
0%
549 Toifilou Maoulida ST 69 8 (4) 2010-2011, 2012-2014
0%
871 Toma Bašić CM 38 3 (3) 2018-2020
0%
1369 Tomas Hubocan CB 16 0 (0) 2016-2019
0%
556 Tomas Koubek GK 67 0 (1) 2017-2019
0%
1320 Tomas Micola AM 18 1 (2) 2010-2012
0%
160 Tongo Doumbia DM 139 10 (6) 2010-2011, 2013-2017
0%
1295 Tripy Makonda LB 19 0 (1) 2010-2013
0%
744 Tristan Dingomé CM 49 1 (4) 2017-2020
0%
481 Túlio de Melo ST 78 10 (4) 2010-2014
0%
1154 Ui-jo Hwang ST 24 6 (2) 2019-2020
0%
1815 Ulrich Ramé GK 3 0 (0) 2010-2011
0%
1129 Umut Bozok ST 25 2 (4) 2018-2019
0%
975 Umut Bulut ST 31 5 (0) 2011-2012
0%
596 Uros Spajic CB 63 0 (1) 2013-2016
0%
1743 Vaclav Sverkos ST 4 0 (0) 2010-2011
0%
1462 Vágner Love ST 12 4 (0) 2015-2016
0%
1448 Vahid Selimovic CB 13 0 (0) 2017-2018
0%
1656 Valentin Belon GK 6 0 (0) 2014-2015
0%
124 Valentin Eysseric AM 154 21 (19) 2012-2019
0%
1234 Valentin Lavigne ST 21 3 (1) 2014-2016
0%
1513 Valentin Roberge CB 11 0 (0) 2014-2015
0%
657 Valentin Rosier RB 57 0 (7) 2016-2019
0%
469 Valentín Vada CM 79 9 (6) 2015-2019
0%
32 Valère Germain ST 224 52 (25) 2010-2011, 2013-2020
0%
944 Valter Birsa AM 33 5 (2) 2010-2011
0%
969 Vedran Runje GK 32 0 (0) 2010-2011
0%
1248 Victorien Angban CM 20 0 (0) 2019-2020
0%
280 Víctor Montaño ST 107 21 (8) 2010-2015
0%
1786 Viktor Klonaridis RW 3 0 (0) 2012-2013
0%
269 Vincent Aboubakar ST 109 26 (17) 2010-2015
0%
125 Vincent Bessat LB 153 2 (9) 2013-2018
0%
151 Vincent Enyeama GK 143 0 (0) 2013-2017
0%
433 Vincent Koziello CM 84 4 (7) 2014-2018
0%
364 Vincent Le Goff LB 93 2 (2) 2014-2017
0%
145 Vincent Manceau RB 145 2 (2) 2015-2020
0%
1589 Vincent Marcel AM 8 0 (0) 2016-2018
0%
1335 Vincent Marchetti CM 17 0 (1) 2016-2017
0%
752 Vincent Muratori LB 49 0 (1) 2010-2011, 2012-2013, 2016-2017
0%
335 Vincent Nogueira CM 98 6 (5) 2010-2013, 2017-2018
0%
75 Vincent Pajot DM 179 7 (9) 2011-2020
0%
1309 Vincent Planté GK 18 0 (0) 2010-2011
0%
1206 Vincent Rüfli RB 22 0 (3) 2016-2018
0%
1879 Vincent Thill RW 2 0 (0) 2016-2018
0%
2012 Virgile Pinson LW 1 0 (0) 2018-2019
0%
1953 Vivian CB 1 0 (0) 2013-2014
0%
1659 Vlatko Stojanovski ST 6 0 (0) 2019-2020
0%
748 Vukasin Jovanovic CB 49 0 (1) 2016-2020
0%
65 Wahbi Khazri LW 185 52 (36) 2012-2015, 2017-2020
0%
452 Walid Mesloub CM 82 1 (10) 2014-2017
0%
850 Wallace CB 40 1 (0) 2014-2016
0%
1331 Wallyson DM 17 0 (2) 2015-2016
0%
376 Walter Benítez GK 92 0 (0) 2016-2020
0%
985 Wendel LM 31 3 (1) 2010-2011
0%
1957 Wesley Jobello LW 1 0 (0) 2011-2012
0%
54 Wesley Lautoa CB 193 4 (3) 2011-2020
0%
2034 Wesley Moustache LB 1 0 (0) 2019-2020
0%
231 Wesley Saïd ST 118 19 (7) 2013-2014, 2015-2020
0%
1708 Wesley Sneijder AM 5 0 (0) 2017-2018
0%
995 Wilfried Kanga ST 31 2 (0) 2017-2020
0%
1197 Wilfried Moimbé LB 23 0 (1) 2015-2017
0%
1174 William Matheus LB 24 0 (2) 2014-2016
0%
699 William Vainqueur DM 53 0 (1) 2016-2017, 2018-2020
0%
833 Willy Boly CB 41 2 (0) 2010-2012
0%
2041 Wilson Isidor ST 1 0 (0) 2018-2019
0%
194 Wylan Cyprien CM 127 23 (12) 2014-2015, 2016-2020
0%
626 Xavier Chavalerin CM 60 3 (5) 2018-2020
0%
1820 Xavier Collin LB 3 0 (0) 2010-2011
0%
1257 Xavier Pentecôte ST 20 2 (0) 2010-2013
0%
509 Xeka CM 75 5 (6) 2016-2020
0%
1035 Yacine Adli DM 29 3 (3) 2017-2020
0%
175 Yacine Bammou ST 134 17 (6) 2014-2019
0%
865 Yacine Brahimi LW 39 6 (4) 2010-2012
0%
859 Yacouba Sylla DM 39 1 (1) 2015-2017
0%
1980 Yakou Méïté ST 1 0 (0) 2015-2016
0%
1846 Yanick Aguemon LW 2 0 (0) 2011-2012
0%
2025 Yanis Ammour LW 1 0 (0) 2018-2019
0%
546 Yann Bodiger DM 69 2 (4) 2014-2019
0%
1590 Yann Gboho LW 8 1 (1) 2019-2020
0%
86 Yannick Cahuzac DM 172 5 (3) 2012-2019
0%
1337 Yannick Djaló LW 17 0 (0) 2012-2013
0%
1612 Yannick M'Bone CB 7 0 (0) 2011-2012
0%
550 Yannick Sagbo ST 69 16 (9) 2010-2013
0%
1914 Yannis Clémentia GK 2 0 (0) 2019-2020
0%
252 Yannis Salibur RW 114 19 (17) 2014-2019
0%
1372 Yannis Tafer RM 16 0 (1) 2010-2011
0%
80 Yann Jouffre RM 175 20 (29) 2010-2018
0%
654 Yann Karamoh LW 57 8 (5) 2016-2017, 2018-2019
0%
1114 Yann Kermorgant ST 26 3 (2) 2010-2011
0%
1285 Yassine Benrahou AM 19 2 (4) 2018-2020
0%
206 Yassine Benzia AM 124 13 (13) 2011-2020
0%
1273 Yassine El Ghanassy LW 20 0 (0) 2017-2018
0%
745 Yassine Jebbour RB 49 0 (2) 2010-2013, 2015-2016
0%
1942 Yassin El-Azzouzi ST 1 0 (0) 2012-2013
0%
889 Yassin Mikari LB 37 1 (1) 2010-2013
0%
1806 Yaw Yeboah RW 3 0 (0) 2015-2016
0%
1096 Yaya Banana CB 26 0 (0) 2011-2013
0%
538 Yaya Sanogo ST 70 13 (3) 2011-2012, 2017-2020
0%
1077 Yeltsin Tejeda DM 27 1 (2) 2014-2015
0%
615 Yeni Ngbakoto RW 61 9 (1) 2014-2015, 2017-2019
0%
508 Yoan Cardinale GK 75 0 (0) 2015-2019
0%
1892 Yoane Wissa ST 2 0 (0) 2016-2017
0%
506 Yoan Gouffran LW 75 24 (4) 2010-2013
0%
532 Yoann Andreu LB 72 1 (4) 2010-2011, 2015-2019
0%
1534 Yoann Bigné CM 10 0 (0) 2010-2012
0%
543 Yoann Poulard CB 70 2 (0) 2011-2013
0%
1420 Yoann Salmier CB 14 0 (0) 2017-2018
0%
1038 Yoann Touzghar ST 29 8 (1) 2014-2015
0%
1565 Yoann Wachter RB 8 0 (0) 2014-2015
0%
954 Yoël Armougom LB 33 0 (1) 2017-2019
0%
2044 Yohan Benalouane CB 1 0 (1) 2010-2011
0%
955 Yohan Démont RB 33 1 (0) 2010-2011
0%
1862 Yohan Eudeline RW 2 0 (0) 2013-2014
0%
185 Yohan Mollo RW 131 19 (26) 2010-2016
0%
500 Yohann Pelé GK 76 0 (0) 2013-2014, 2015-2020
0%
1408 Yohann Rivière ST 14 1 (1) 2016-2017
0%
1831 Yoric Ravet RW 3 0 (0) 2010-2012
0%
821 Youcef Atal RB 42 7 (3) 2018-2020
0%
201 Younès Belhanda AM 125 28 (22) 2010-2012, 2016-2017
0%
1349 Younès Kaabouni DM 16 0 (1) 2013-2015
0%
1480 Younn Zahary CB 12 0 (0) 2018-2019
0%
29 Younousse Sankharé CM 232 27 (18) 2011-2019
0%
1087 Youssef Adnane ST 27 2 (1) 2011-2013
0%
379 Youssef Aït Bennasser DM 91 3 (4) 2016-2020
0%
1729 Youssef Ben Ali RW 4 0 (0) 2014-2016
0%
881 Youssef El Arabi ST 38 17 (6) 2010-2011
0%
2037 Youssef Maziz AM 1 0 (0) 2016-2017
0%
463 Youssouf Hadji ST 80 15 (9) 2010-2011, 2016-2017
0%
53 Youssouf Sabaly RB 193 2 (17) 2013-2020
0%
1460 Yrondu Musavu-King CB 12 1 (0) 2014-2017
0%
430 Yunis Abdelhamid CB 84 3 (0) 2016-2017, 2018-2020
0%
1220 Yuri Berchiche LB 22 2 (2) 2017-2018
0%
1840 Yuriy Yakovenko ST 2 0 (0) 2013-2014
0%
2046 Yusuf Sarı RW 1 0 (0) 2017-2018
0%
1314 Yusuf Yazıcı AM 18 1 (4) 2019-2020
0%
1919 Yvann Maçon RB 2 0 (0) 2019-2020
0%
768 Yves Bissouma DM 47 3 (1) 2016-2018
0%
927 Zacharie Boucher GK 34 0 (0) 2013-2014, 2018-2019
0%
1779 Zakaria Diallo CB 3 0 (0) 2011-2012
0%
1788 Zakarie Labidi AM 3 0 (0) 2015-2016
0%
1993 Zakariya Abarouaï ST 1 0 (0) 2013-2014
0%
1842 Zakarya Bergdich LB 2 0 (0) 2010-2011
0%
1688 Zana Allée CM 5 0 (0) 2013-2014
0%
925 Zaydou Youssouf CM 35 0 (0) 2016-2020
0%
649 Zeki Çelik RB 57 1 (9) 2018-2020
0%
1427 Zié Diabaté LB 14 0 (1) 2011-2012
0%
1104 Zinedine Ferhat RW 26 3 (4) 2019-2020
0%
981 Zinédine Machach AM 31 2 (1) 2014-2018
0%
2070 Zinédine Ould Khaled DM 1 0 (0) 2019-2020
0%
1517 Ziri Hammar RW 10 0 (0) 2010-2013
0%
1596 Zouhaier Dhaouadi LW 8 1 (0) 2012-2013
0%
No matching quizzes found
Score Distribution
Percent of People with Each Score
Percentile by Number Answered
Your Score History
You have not taken this quiz